{"text_format":"2","workbook":"xlsx","n_sheets":3,"sheets":["UEM","UBF","CPU"],"not_rendered":{"charts":0,"images":1,"macros":0,"external_links":2,"defined_names":6,"comments":0,"pivot_tables":0},"unopened":[],"bounds":{"document_bytes":16777216,"sheet_cells":100000,"run_cost":"one","rows_first":2000,"rows_last":500,"rows_between":2000,"halvings":0,"cell_chars":16384,"cell_head_chars":4096},"cells_cut":0,"cells_raw":0,"read":"whole","date_system":"1900"}

{"sheet":"UEM","index":0,"n_rows":116,"n_cols":15,"rows_kept":116,"cut":false,"hidden":false,"merged":[[116,0,116,8],[33,3,33,7],[35,3,35,7],[39,3,39,7],[42,3,42,7],[47,3,47,7],[53,3,53,7],[27,3,27,7],[5,0,5,8],[6,0,7,0],[6,1,7,1],[6,2,7,2],[6,3,7,3],[6,4,7,4],[6,5,7,5],[6,6,6,8],[9,3,9,7],[11,3,11,7],[14,3,14,7],[20,3,20,7],[25,3,25,7],[0,0,0,8],[1,0,1,8],[2,0,2,8],[3,0,4,6],[3,7,3,8],[4,7,4,8]]}
["MINISTÉRIO DA INTEGRAÇÃO E DO DESENVOLVIMENTO REGIONAL",{"$nulls":8},"BDI serviç",1.2591000000000001]
["COMPANHIA DE DESENVOLVIMENTO DOS VALES DO SÃO FRANCISCO E DO PARNAÍBA",{"$nulls":8},"BDI fornec.",1.1359999999999999]
["SEDE"]
["PLANILHA ORÇAMENTÁRIA DE ESTIMATIVA GERAL PARA O ESTADO DO PARÁ",{"$nulls":6},"Base SINAPI-PA 03-2025     ORSE 02-2025"]
[{"$nulls":7},"Data: Maio - 2025"]
[]
["Item","Base        ","Código        ","Descrição","Unid.","Quant.","Valor (R$)"]
[{"$nulls":6},"Unit. (sem BDI)","Unit. (com BDI)","Total"]
[]
[15,null,null,"UNIDADE DE EXTRAÇÃO DE MEL",{"$nulls":4},{"$f":"SUM(I12,I15,I21,I28,I34,I36,I40,I43,I48,I54)","v":238824.62999999995}]
[]
["15.1",null,null,"SERVIÇOS PRELIMINARES",{"$nulls":4},{"$f":"SUM(I13:I14)","v":3691.63}]
["15.2","Sinapi",105009,{"$f":"[1]CPU!$A$91","v":"LOCAÇÃO DE OBRAS"},"m",{"$f":"(7.89*2+9.6*2)","v":34.979999999999997},{"$f":"J13","v":82.33},{"$f":"(G13*K$1)","v":103.661703},{"$f":"ROUND(F13*H13,2)","v":3626.09},82.33]
["15.3","Sinapi",98525,"LIMPEZA MECANIZADA DE CAMADA VEGETAL, VEGETAÇÃO E PEQUENAS ÁRVORES (DIÂMETRO DE TRONCO MENOR QUE 0,20 M), COM TRATOR DE ESTEIRAS.","m²",{"$f":"9.56*7.891","v":75.437960000000004},{"$f":"J14","v":0.69},{"$f":"(G14*K$1)","v":0.86877899999999997},{"$f":"ROUND(F14*H14,2)","v":65.540000000000006},0.69]
["15.4",null,null,"MOVIMENTO DE TERRA",{"$nulls":4},{"$f":"SUM(I16:I20)","v":2181.06}]
["15.5","Sinapi",101230,"ESCAVAÇÃO VERTICAL A CÉU ABERTO, EM OBRAS DE INFRAESTRUTURA, INCLUINDO CARGA, DESCARGA E TRANSPORTE, EM SOLO DE 1ª CATEGORIA COM ESCAVADEIRA HIDRÁULICA (CAÇAMBA: 0,8 M³ / 111 HP)","m³",{"$f":"45.5+1.92+4.32+3","v":54.74},{"$f":"J16","v":11.91},{"$f":"(G16*K$1)","v":14.995881000000001},{"$f":"ROUND(F16*H16,2)","v":820.87},11.91]
["15.6","Sinapi",100577,"REGULARIZAÇÃO E COMPACTAÇÃO DE SUBLEITO DE SOLO PREDOMINANTEMENTE ARENOSO.","m²",{"$f":"9.6*7.9*0.6","v":45.503999999999998},0.53,{"$f":"(G17*K$1)","v":0.66732300000000011},{"$f":"ROUND(F17*H17,2)","v":30.37},0.53]
["15.7","Sinapi",96385,"EXECUÇÃO E COMPACTAÇÃO DE ATERRO COM SOLO PREDOMINANTEMENTE ARGILOSO - EXCLUSIVE SOLO, ESCAVAÇÃO, CARGA E TRANSPORTE","m³",64.400000000000006,13.09,16.481619000000002,{"$f":"ROUND(F18*H18,2)","v":1061.42},13.09]
["15.8","Sinapi",100574,"ESPALHAMENTO DE MATERIAL COM TRATOR DE ESTEIRAS.","m³",19.05,1.46,1.8382860000000001,{"$f":"ROUND(F19*H19,2)","v":35.020000000000003},1.46]
["15.9","Sinapi",100973,"CARGA, MANOBRA E DESCARGA DE SOLOS E MATERIAIS GRANULARES EM CAMINHÃO BASCULANTE 6 M³ - CARGA COM PÁ CARREGADEIRA (CAÇAMBA DE 1,7 A 2,8 M³ /128 HP) E DESCARGA LIVRE ","m³",19.05,9.73,12.251043000000001,{"$f":"ROUND(F20*H20,2)","v":233.38},9.73]
["15.10",null,null,"FUNDAÇÕES/ ESTRUTURAS DE CONCRETO ARMADO",{"$nulls":4},{"$f":"SUM(I22:I25)","v":4377.93}]
["15.11","Sinapi",92802,"CORTE E DOBRA DE AÇO CA-50, DIÂMETRO DE 8,0 MM","kg",101.6,{"$f":"J22","v":11.21},{"$f":"(G22*K$1)","v":14.114511000000002},{"$f":"ROUND(F22*H22,2)","v":1434.03},11.21]
["15.12","Sinapi",94965,"CONCRETO FCK = 25MPA, TRAÇO 1:2,3:2,7 (CIMENTO/ AREIA MÉDIA/ BRITA 1) - PREPARO MECÂNICO COM BETONEIRA 400 L. ","m³",1.63,724.66,{"$f":"(G23*K$1)","v":912.41940600000009},{"$f":"ROUND(F23*H23,2)","v":1487.24},724.66]
["15.13","Sinapi",103673,"LANÇAMENTO COM USO DE BOMBA, ADENSAMENTO E ACABAMENTO DE CONCRETO EM ESTRUTURAS. AF_02/2022","m³",1.63,47.62,59.958342000000002,{"$f":"ROUND(F24*H24,2)","v":97.73},47.62]
["15.14","Sinapi",97086,"FABRICAÇÃO, MONTAGEM E DESMONTAGEM DE FORMA PARA RADIER, EM MADEIRA SERRADA, 4 UTILIZAÇÕES.","m²",7.8,138.37,174.22166700000002,{"$f":"ROUND(F25*H25,2)","v":1358.93},138.37]
["15.15",null,null,"REVESTIMENTOS",{"$nulls":4},{"$f":"SUM(I27:I27)","v":0}]
["15.16","Sinapi",98555,"IMPERMEABILIZAÇÃO DE SUPERFÍCIE COM ARGAMASSA POLIMÉRICA / MEMBRANA ACRÍLICA, 3 DEMÃOS.","m²",0,{"$f":"(J27)","v":0},{"$f":"(J27*K$1)","v":0},{"$f":"ROUND(F27*H27,2)","v":0}]
["15.17",null,null,"ALVENARIAS, DIVISÓRIAS E FECHAMENTOS",{"$nulls":4},{"$f":"SUM(I29:I33)","v":10094.73}]
["15.18","CPU","CPU010","REVESTIMENTO DE PAREDES EM CHAPAS DE AÇO INOXIDÁVEL AISI 304",{"$f":"[1]CPU!$I$140","v":"m²"},12,{"$f":"J29","v":49.760000000000005},{"$f":"(G29*K$1)","v":62.652816000000009},{"$f":"ROUND(F29*H29,2)","v":751.83},{"$f":"CPU!I205","v":49.760000000000005}]
["15.19","ORSE","10280/ORSE","MANTA EM LÃ DE VIDRO",{"$f":"[1]CPU!$I$140","v":"m²"},66.278000000000006,15.05,18.949455000000004,{"$f":"ROUND(F30*H30,2)","v":1255.93},15.05]
["15.20","CPU","CPU009","CHAPA XADREZ EM ALUMINIO PARA PISO e:3mm, INCLUSO REBITE PARA FIXAÇÃO - APENAS MÃO DE OBRA",{"$f":"[1]CPU!$I$140","v":"m²"},1,435.67089999999996,548.55323019000002,{"$f":"ROUND(F31*H31,2)","v":548.54999999999995},{"$f":"CPU!I192","v":435.67089999999996}]
["15.21","Sinapi",96486,"FORRO EM RÉGUAS DE PVC, LISO, PARA AMBIENTES COMERCIAIS, INCLUSIVE ESTRUTURA BIDIRECIONAL DE FIXAÇÃO",{"$f":"[1]CPU!$I$140","v":"m²"},29.93,82.76,104.20311600000001,{"$f":"ROUND(F32*H32,2)","v":3118.8},82.76]
["15.22","Sinapi",104723,"PAREDE COM SISTEMA EM CHAPAS DE GESSO PARA DRYWALL, USO INTERNO, COM DUAS FACES DUPLAS E ESTRUTURA METÁLICA COM GUIAS DUPLAS PARA PAREDES COM ÁREA LÍQUIDA MENOR QUE 6 M2, COM VÃOS.","m²",12.096,290.19,365.37822900000003,{"$f":"ROUND(F33*H33,2)","v":4419.62},290.19]
["15.23",null,null,"PINTURAS",{"$nulls":4},{"$f":"SUM(I35:I35)","v":9419.68}]
["15.24","Sinapi",100751,"PINTURA COM TINTA EPOXÍDICA DE ACABAMENTO PULVERIZADA SOBRE PERFIL METÁLICO EXECUTADO EM FÁBRICA (02 DEMÃOS).","m²",170.3,{"$f":"J35","v":43.93},55.312263000000002,{"$f":"ROUND(F35*H35,2)","v":9419.68},43.93]
["15.25",null,null,"COBERTURAS",{"$nulls":4},{"$f":"SUM(I37:I39)","v":39600.770000000004}]
["15.26","ORSE","13874/ORSE","ESTRUTURA METALICA P/ COBERTURA DE CRECHE PADRÃO 1 DO PADRÃO FNDE, EM LIGTH STEEL FRAME, COM PERFIS UE70 MONTANTES DE TUBO UE70, INCLUSIVE FORNECIMENTO E MONTAGEM. EXCLUSIVE TELHAS","m²",96,{"$f":"J37","v":113.51},{"$f":"(G37*K$1)","v":142.92044100000001},{"$f":"ROUND(F37*H37,2)","v":13720.36},113.51]
["15.27","Sinapi",94216,"TELHAMENTO COM TELHA METÁLICA TERMOACÚSTICA E = 30 MM, COM ATÉ 2 ÁGUAS, INCLUSO IÇAMENTO","m²",96,{"$f":"J38","v":197.45},248.609295,{"$f":"ROUND(F38*H38,2)","v":23866.49},197.45]
["15.28","Sinapi",94228,"CALHA EM CHAPA DE AÇO GALVANIZADO NÚMERO 24, DESENVOLVIMENTO DE 50 CM, INCLUSO TRANSPORTE VERTICAL. AF_07/2019","m",{"$f":"16*1.1","v":17.600000000000001},90.88,114.427008,{"$f":"ROUND(F39*H39,2)","v":2013.92},90.88]
["15.29",null,null,"CONSTRUÇÃO CIVIL",{"$nulls":4},{"$f":"SUM(I41:I42)","v":5921.16}]
["15.30","Sinapi",91341,"PORTA EM ALUMÍNIO DE ABRIR TIPO VENEZIANA COM GUARNIÇÃO, FIXAÇÃO COM PARAFUSOS - FORNECIMENTO E INSTALAÇÃO.","m²",5.04,{"$f":"J41","v":518.46},652.79298600000016,{"$f":"ROUND(F41*H41,2)","v":3290.08},518.46]
["15.31","Sinapi",100674,"CAIXILHO FIXO DE ALUMÍNIO PARA VIDRO (VIDRO INCLUSO), BATENTE/ REQUADRO DE 4 A 14 CM, SEM\nGUARNIÇÃO/ ALIZAR, FIXAÇÃO COM PARAFUSOS, VEDAÇÃO COM SILICONE, EXCLUSIVE CONTRAMARCO -\nFORNECIMENTO E INSTALAÇÃO. AF_11/2024","m²",3.75,557.24,701.62088400000005,{"$f":"ROUND(F42*H42,2)","v":2631.08},557.24]
["15.32",null,null,"INSTALAÇÕES PREDIAIS",{"$nulls":4},{"$f":"SUM(I44:I47)","v":14924.529999999999}]
["15.33","CPU","CPU001",{"$f":"[1]CPU!$A$65","v":"EXECUÇÃO DE INSTALAÇÕES HIDROSSANITÁRIAS, EXCLUSIVE EQUIPAMENTOS"},{"$f":"[1]CPU!$I$78","v":"cj"},1,3240.3999999999996,4079.9876399999998,{"$f":"ROUND(F44*H44,2)","v":4079.99},{"$f":"CPU!I43","v":3240.3999999999996}]
["15.34","SINAPI",98052,"TANQUE SÉPTICO CIRCULAR, EM CONCRETO PRÉ-MOLDADO, DIÂMETRO INTERNO = 1,10 M, ALTURA INTERNA = 2,50 M, VOLUME ÚTIL: 2138,2 L (PARA 5 CONTRIBUINTES).","UND",1,2118.4899999999998,2667.3907589999999,{"$f":"ROUND(F45*H45,2)","v":2667.39},2118.4899999999998]
["15.35","SINAPI",98062,"SUMIDOURO CIRCULAR, EM CONCRETO PRÉ-MOLDADO, DIÂMETRO INTERNO = 1,88 M, ALTURA INTERNA = 2,00 M, ÁREA DE INFILTRAÇÃO: 13,1 M² (PARA 5 CONTRIBUINTES)","UND",1,3166.84,3987.3682440000007,3987.37,3166.84]
["15.36","CPU","CPU002",{"$f":"[1]CPU!$A$78","v":"EXECUÇÃO DE INSTALAÇÕES ELÉTRICAS, EXCLUSIVE EQUIPAMENTOS"},{"$f":"[1]CPU!$I$78","v":"cj"},1,3327.6,4189.7811600000005,4189.78,{"$f":"CPU!I56","v":3327.6}]
["15.37",null,null,"SERVIÇOS DIVERSOS",{"$nulls":4},{"$f":"SUM(I49:I53)","v":26952.04}]
["15.38","CPU","CPU003",{"$f":"[1]CPU!$A$140","v":"CORTE DE CONTAINER PARA ESQUADRIAS"},{"$f":"[1]CPU!$I$140","v":"m²"},16.45,187.1925,235.69407675000002,{"$f":"ROUND(F49*H49,2)","v":3877.17},{"$f":"CPU!I74","v":187.1925}]
["15.39","CPU","CPU004",{"$f":"[1]CPU!$A$182","v":"MODIFICAÇÕES NO CONTAINER COM CORTE POR ESMERILHADEIRA "},{"$f":"[1]CPU!$I$182","v":"m"},58.26,98.265000000000001,123.72546150000001,7208.25,{"$f":"CPU!I116","v":98.265000000000001}]
["15.40","CPU","CPU005",{"$f":"[1]CPU!$A$200","v":"MODIFICAÇÕES NO CONTAINER UNIÃO ATRAVÉS DO PROCESSO DE SOLDAGEM, INCLUSO IÇAMENTO DO CONTAINER"},{"$f":"[1]CPU!$I$200","v":"m"},21.9,394.41918600000002,496.61319709260005,10875.83,{"$f":"CPU!I138","v":394.41918600000002}]
["15.41","CPU","CPU011","GUARDA-CORPO DE AÇO CARBONO, MONTANTES TUBULARES DE 1.1/2\" ESPAÇADOS EM 0,75M, ALTURA APROXIMADA DE 0,90M, PREPARADO COM FUNDO E TINTA EPÓXI NA COR AMARELA","m",{"$f":"0.75*2*3*1.1","v":4.95},160.97317300000003,202.68132212430007,1003.27,{"$f":"CPU!I219","v":160.97317300000003}]
["15.42","CPU","CPU013","FORNECIMENTO E INSTALAÇÃO DE SUPORTE PARA CAIXA D'ÁGUA EM METALON","un",1,3166.9581684000004,3987.517029832441,3987.52,{"$f":"CPU!I282","v":3166.9581684000004}]
["15.43",null,null,"MATERIAIS",{"$nulls":4},{"$f":"SUM(I55:I116)","v":121661.09999999996}]
["15.44","Cotação",null,"CONTAINER DRY BOX 20 PÉS 6,1X2,21X2,6 (COMPXLARGXALTU)","un",2,21728.75,{"$f":"(G55*K$2)","v":24683.859999999997},{"$f":"ROUND(F55*H55,2)","v":49367.72},{"$f":"CPU!I245","v":21728.75}]
["15.45","Sinapi",89356,"TUBO PVC, SOLDAVEL, DN 25 MM, AGUA FRIA (NBR-5648)","m",12,26.33,{"$f":"(G56*K$2)","v":29.910879999999995},358.93,26.33]
["15.46","Sinapi",89357,"TUBO PVC, SOLDAVEL, DN 32 MM, AGUA FRIA (NBR-5648)","m",18,36.44,41.395839999999993,745.13,36.44]
["15.47","Sinapi",9835,"TUBO PVC SERIE NORMAL, DN 40 MM, PARA ESGOTO PREDIAL (NBR 5688)","m",3,7.82,8.883519999999999,26.65,7.82]
["15.48","Sinapi",9838,"TUBO PVC SERIE NORMAL, DN 50 MM, PARA ESGOTO PREDIAL (NBR 5688) ","m",20,12.91,{"$f":"(G59*K$2)","v":14.665759999999999},293.32,12.91]
["15.49","Sinapi",9836,"TUBO PVC SERIE NORMAL, DN 100 MM, PARA ESGOTO PREDIAL (NBR 5688) ","m",1,17.899999999999999,20.334399999999995,20.329999999999998,17.899999999999999]
["15.50","Sinapi",89362,"JOELHO 90 GRAUS, PVC, SOLDÁVEL, DN 25MM, INSTALADO EM RAMAL OU SUB-RAMAL DE ÁGUA - FORNECIMENTO E INSTALAÇÃO. AF_06/2022","un",12,10.47,11.89392,142.72999999999999,10.47]
["15.51","Sinapi",89367,"JOELHO 90 GRAUS, PVC, SOLDÁVEL, DN 32MM, INSTALADO EM RAMAL OU SUB-RAMAL DE ÁGUA - FORNECIMENTO E INSTALAÇÃO. AF_06/2022","un",10,14.52,16.494719999999997,{"$f":"ROUND(F62*H62,2)","v":164.95},14.52]
["15.52","Sinapi",3515,"JOELHO PVC, SOLDAVEL, COM BUCHA DE LATAO, 90 GRAUS, 20 MM X 1/2\", PARA AGUA FRIA","un",2,7.81,8.8721599999999992,{"$f":"ROUND(F63*H63,2)","v":17.739999999999998},7.81]
["15.53","Sinapi",7121,"TE PVC, SOLDAVEL, COM BUCHA DE LATAO NA BOLSA CENTRAL, 90 GRAUS, 20 MM X 1/2\", PARA AGUA FRIA PREDIAL","un",2,10.99,12.484639999999999,{"$f":"ROUND(F64*H64,2)","v":24.97},10.99]
["15.54","Sinapi",798,"BUCHA DE REDUCAO PVC ROSCAVEL 3/4\" X 1/2\"","un",2,1.41,1.6017599999999999,{"$f":"ROUND(F65*H65,2)","v":3.2},1.41]
["15.55","Sinapi",103957,"BUCHA DE REDUÇÃO, CURTA, PVC, SOLDÁVEL, DN 32 X 25 MM, INSTALADO EM PRUMADA DE ÁGUA - FORNECIMENTO E INSTALAÇÃO. AF_06/2022","un",2,5.39,6.1230399999999987,12.25,5.39]
["15.56","Sinapi",3878,"LUVA PVC, ROSCAVEL, 1 1/2\", AGUA FRIA PREDIAL","un",2,14.34,16.290239999999997,32.58,14.34]
["15.57","Sinapi",4177,"NIPLE DE FERRO GALVANIZADO, COM ROSCA BSP, DE 1/2\"","un",2,5.64,6.4070399999999994,12.81,5.64]
["15.58","Sinapi",89395,"TE, PVC, SOLDÁVEL, DN 25MM, INSTALADO EM RAMAL OU SUB-RAMAL DE ÁGUA - FORNECIMENTO E INSTALAÇÃO. AF_06/2022","un",3,14.43,16.392479999999999,49.18,14.43]
["15.59","Sinapi",89398,"TE, PVC, SOLDÁVEL, DN 32MM, INSTALADO EM RAMAL OU SUB-RAMAL DE ÁGUA - FORNECIMENTO E INSTALAÇÃO. AF_06/2022","un",3,20.3,23.0608,69.180000000000007,20.3]
["15.60","Sinapi",97,"ADAPTADOR PVC SOLDAVEL, COM FLANGE E ANEL DE VEDACAO, 32 MM X 1\", PARA CAIXA D'AGUA","un",4,22.23,25.253279999999997,101.01,22.23]
["15.61","Sinapi",11675,"REGISTRO DE ESFERA, PVC, COM VOLANTE, VS, SOLDAVEL, DN 32 MM,","un",4,36.25,41.18,164.72,36.25]
["15.62","Sinapi",34637,"CAIXA D'AGUA / RESERVATORIO EM POLIETILENO, 500 LITROS, COM TAMPA                                                                                                                                                                                                                                                                                                                                                                                                                                         ","un",1,309.02,351.04671999999994,351.05,309.02]
["15.63","Sinapi",94495,"REGISTRO DE GAVETA BRUTO, LATÃO, ROSCÁVEL, 1\" - FORNECIMENTO E INSTALAÇÃO. AF_08/2021","un",1,46.79,53.153439999999996,53.15,46.79]
["15.64","Sinapi",94496,"REGISTRO DE GAVETA BRUTO, LATÃO, ROSCÁVEL, 1 1/4\" - FORNECIMENTO E INSTALAÇÃO. AF_08/2021","un",2,66.75,75.827999999999989,151.66,66.75]
["15.65","Sinapi",7603,"TORNEIRA DE METAL AMARELO, PARA TANQUE / JARDIM, DE PAREDE, SEM BICO, CANO CURTO, PADRAO POPULAR / USO GERA","un",2,25.98,29.513279999999998,59.03,25.98]
["15.66","Sinapi",94795,"TORNEIRA DE BOIA PARA CAIXA D'ÁGUA, ROSCÁVEL, 1/2\" - FORNECIMENTO E INSTALAÇÃO. AF_08/2021","un",1,35.119999999999997,39.896319999999996,39.9,35.119999999999997]
["15.67","Sinapi",20080,"ADESIVO PLASTICO PARA PVC, FRASCO COM 175 GR","un",2,23.48,26.673279999999998,{"$f":"ROUND(F78*H78,2)","v":53.35},23.48]
["15.68","Sinapi",3143,"FITA VEDA ROSCA 18MMX25M","un",1,7.73,8.7812799999999989,{"$f":"ROUND(F79*H79,2)","v":8.7799999999999994},7.73]
["15.69","Sinapi",35277,"CAIXA DE GORDURA EM PVC, DIAMETRO MINIMO 300 MM, DIAMETRO DE SAIDA 100 MM CAPACIDADE APROXIMADA 18 LITROS, COM TAMPA E CESTO","un",1,418.74,475.68863999999996,{"$f":"ROUND(F80*H80,2)","v":475.69},418.74]
["15.70","Sinapi",11735,"PROLONGADOR PAR CAIXA DE GORDURA E INSPEÇÃO DN300, PVC","un",1,10.43,11.848479999999999,{"$f":"ROUND(F81*H81,2)","v":11.85},10.43]
["15.71","Sinapi",89482,"CAIXA SIFONADA, PVC, DN 100 X 100 X 50 MM, FORNECIDA E INSTALADA EM RAMAIS DE ENCAMINHAMENTO DE ÁGUA PLUVIAL. AF_06/2022","un",5,44.17,50.177119999999995,{"$f":"ROUND(F82*H82,2)","v":250.89},44.17]
["15.72","Sinapi",94679,"CURVA 90 GRAUS, PVC, SOLDÁVEL, DN 50 MM, INSTALADO EM RESERVAÇÃO DE ÁGUA DE EDIFICAÇÃO QUE POSSUA RESERVATÓRIO DE FIBRA/FIBROCIMENTO   FORNECIMENTO E INSTALAÇÃO. AF_06/2016","un",11,26.35,29.933599999999998,329.27,26.35]
["15.73","Sinapi",89504,"CURVA 45 GRAUS, PVC, SOLDÁVEL, DN 50MM, INSTALADO EM PRUMADA DE ÁGUA - FORNECIMENTO E INSTALAÇÃO. AF_06/2022","un",3,21.12,23.992319999999999,71.98,21.12]
["15.74","Sinapi",89724,"JOELHO 90 GRAUS, PVC, SERIE NORMAL, ESGOTO PREDIAL, DN 40 MM, JUNTA SOLDÁVEL, FORNECIDO E INSTALADO EM RAMAL DE DESCARGA OU RAMAL DE ESGOTO SANITÁRIO. AF_08/2022","un",1,11.47,13.029919999999999,13.03,11.47]
["15.75","Sinapi",89731,"JOELHO 90 GRAUS, PVC, SERIE NORMAL, ESGOTO PREDIAL, DN 50 MM, JUNTA ELÁSTICA, FORNECIDO E INSTALADO EM RAMAL DE DESCARGA OU RAMAL DE ESGOTO SANITÁRIO. AF_08/2022","un",8,18.3,20.788799999999998,166.31,18.3]
["15.76","Sinapi",89563,"JUNÇÃO SIMPLES, PVC, SERIE R, ÁGUA PLUVIAL, DN 50 MM, JUNTA ELÁSTICA, FORNECIDO E INSTALADO EM RAMAL DE ENCAMINHAMENTO. AF_06/2022","un",2,42.86,48.688959999999994,97.38,42.86]
["15.77","Sinapi",103995,"LUVA, PVC, SOLDÁVEL, DN 50MM, INSTALADO EM RAMAL DE DISTRIBUIÇÃO DE ÁGUA - FORNECIMENTO E INSTALAÇÃO. AF_06/2022","un",17,16.73,19.005279999999999,323.08999999999997,16.73]
["15.78","Sinapi",104345,"JUNÇÃO DE REDUÇÃO INVERTIDA, PVC, SÉRIE NORMAL, ESGOTO PREDIAL, DN 100 X 50 MM, JUNTA ELÁSTICA, FORNECIDO E INSTALADO EM RAMAL DE DESCARGA OU RAMAL DE ESGOTO SANITÁRIO. AF_08/2022","un",2,52.49,59.628639999999997,119.26,52.49]
["15.79","Sinapi",20043,"REDUÇÃO EXCÊNTRICA, PVC, ÁGUA PLUVIAL, DN 100 X 50 MM, LINHA NORMAL","un",2,10.78,12.246079999999997,{"$f":"ROUND(F90*H90,2)","v":24.49},10.78]
["15.80","Sinapi",86883,"SIFÃO DO TIPO FLEXÍVEL EM PVC 1  X 1.1/2  - FORNECIMENTO E INSTALAÇÃO. AF_01/2020","un",1,13.3,15.108799999999999,15.11,13.3]
["15.81","Sinapi",86941,"LAVATÓRIO LOUÇA BRANCA COM COLUNA, 45 X 55CM OU EQUIVALENTE, PADRÃO MÉDIO, INCLUSO SIFÃO TIPO GARRAFA, VÁLVULA E ENGATE FLEXÍVEL DE 40CM EMMETAL CROMADO, COM TORNEIRA CROMADA DE MESA, PADRÃO MÉDIO - FORNECIMENTO E INSTALAÇÃO.","un",1,807.36,917.16095999999993,917.16,807.36]
["15.82","Sinapi",86936,"CUBA DE EMBUTIR DE AÇO INOXIDÁVEL MÉDIA, INCLUSO VÁLVULA TIPO AMERICANA E SIFÃO TIPO GARRAFA EM METAL CROMADO - FORNECIMENTO E INSTALAÇÃO","un",1,483.55,549.31279999999992,549.30999999999995,483.55]
["15.83","Cotação",null,"LAVADOR DE BOTAS EM AÇO INOXIDÁVEL AISI 304","un",1,2944.9133333333334,3345.4215466666665,3345.42,{"$f":"O94","v":2944.9133333333334},null,3719.28,2430.46,2685,{"$f":"AVERAGE(L94:N94)","v":2944.9133333333334}]
["15.84","Sinapi",86906,"TORNEIRA CROMADA DE MESA, 1/2\u0094 OU 3/4\u0094, PARA LAVATÓRIO, PADRÃO POPULAR - FORNECIMENTO E INSTALAÇÃO. AF_01/2020","un",2,51.71,58.742559999999997,117.49,51.71]
["15.85","Sinapi",94768,"ADAPTADOR COM FLANGE E ANEL DE VEDAÇÃO, CPVC, ROSCÁVEL, DN 42 MM, INSTALADO EM RESERVAÇÃO DE ÁGUA DE EDIFICAÇÃO QUE POSSUA RESERVATÓRIO DE FIBRA/FIBROCIMENTO - FORNECIMENTO E INSTALAÇÃO. AF_06/2016","un",1,76.17,86.529119999999992,86.53,76.17]
["15.86","Cotação",null,"PEDALEIRA PARA ACIONAMENTO TORNEIRA, ROSCA 1/2\"","un",2,145.39666666666665,165.17061333333331,330.34,{"$f":"O97","v":145.39666666666665},null,133.4,137.88999999999999,164.9,{"$f":"AVERAGE(L97:N97)","v":145.39666666666665}]
["15.87","Sinapi",91924,"CABO DE COBRE FLEXÍVEL ISOLADO, 1,5 MM², ANTI-CHAMA 450/750 V, PARA CIRCUITOS TERMINAIS - FORNECIMENTO E INSTALAÇÃO. AF_03/2023","m",49,3.34,3.7942399999999994,185.92,3.34]
["15.88","Sinapi",91926,"CABO DE COBRE, RIGIDO, CLASSE 2, ISOLACAO EM PVC/A, ANTICHAMA BWF-B, 1 CONDUTOR, 450/750 V, SECAO NOMINAL 2,5 MM2","m",180,4.8600000000000003,5.5209599999999996,993.77,4.8600000000000003]
["15.89","Sinapi",91952,"INTERRUPTOR SIMPLES (1 MÓDULO), 10A/250V, SEM SUPORTE E SEM PLACA - FORNECIMENTO E INSTALAÇÃO. AF_03/2023","un",4,20.16,22.901759999999999,91.61,20.16]
["15.90","Sinapi",91990,"TOMADA ALTA DE EMBUTIR (1 MÓDULO), 2P+T 10 A, SEM SUPORTE E SEM PLACA - FORNECIMENTO E INSTALAÇÃO. AF_03/2023","un",1,37.06,42.100159999999995,42.1,37.06]
["15.91","ORSE","11054/ORSE","CAIXA METÁLICA COM UMA TOMADA 2P+T PARA INSTALAÇÃO APARENTE","un",10,27.17,30.865119999999997,308.64999999999998,27.17]
["15.92","Sinapi",95777,"CONDULETE DE ALUMÍNIO, TIPO B, PARA ELETRODUTO DE AÇO GALVANIZADO DN 20 MM (3/4''), APARENTE - FORNECIMENTO E INSTALAÇÃO. AF_10/2022","un",5,28.91,32.841760000000001,164.21,28.91]
["15.93","Sinapi",101890,"DISJUNTOR MONOPOLAR TIPO NEMA, CORRENTE NOMINAL DE 10 ATÉ 30A - FORNECIMENTO E INSTALAÇÃO. AF_10/2020","un",1,16.3,18.5168,18.52,16.3]
["15.94","Sinapi",101892,"DISJUNTOR MONOPOLAR TIPO NEMA, CORRENTE NOMINAL DE 10 ATÉ 50A - FORNECIMENTO E INSTALAÇÃO. AF_10/2020","un",7,{"$f":"J105","v":71.150000000000006},80.826399999999992,565.78,71.150000000000006]
["15.95","ORSE","07943/ORSE","DISJUNTOR BIPOLAR DR 25A - DISPOSITIVO DIFERENCIAL RESIDUAL, TIPO AC, 30MA","un",3,278.5,316.37599999999998,949.13,278.5]
["15.96","Sinapi",93661,"DISJUNTOR BIPOLAR TIPO DIN, CORRENTE NOMINAL DE 16A - FORNECIMENTO E INSTALAÇÃO. AF_10/2020","un",2,57.59,65.422240000000002,130.84,57.59]
["15.97","Sinapi",93665,"DISJUNTOR BIPOLAR TIPO DIN, CORRENTE NOMINAL DE 40A - FORNECIMENTO E INSTALAÇÃO. AF_10/2020","un",1,68.02,77.270719999999983,77.27,68.02]
["15.98","ORSE","04878/ORSE","PONTO DE LUZ EM TETO OU PAREDE, APARENTE SEM ELETRODUTO","un",5,65.23,74.101280000000003,370.51,65.23]
["15.99","ORSE","14448/ORSE","ELETRODUTO DE AÇO GALVANIZADO LEVE, INCLUSIVE CONEXÕES, SUPORTES E FIXAÇÃO DN 20 (3/4\")","m",50,33.67,38.249119999999998,1912.46,33.67]
["15.100","Sinapi",1879,"CURVA 90° PVC ELETRODUTO ROSCAVEL 3/4\"","un",16,3.44,3.9078399999999998,62.53,3.44]
["15.101","Sinapi",39128,"ABRAÇADEIRA GALVANIZADA \"D\" PARA ELETRODUTO 3/4\" COM CUNHA","un",50,2.5,2.84,142,2.5]
["15.102","Sinapi",101878,"QUADRO DE DISTRIBUIÇÃO DE ENERGIA EM CHAPA DE AÇO GALVANIZADO, DE SOBREPOR, COM BARRAMENTO TRIFÁSICO, PARA 18 DISJUNTORES DIN 100A - FORNECIMENTO E INSTALAÇÃO. AF_10/2020","un",1,498.14,565.88703999999996,565.89,498.14]
["15.103","Sinapi",100954,"TRANSPORTE COM CAMINHÃO CARROCERIA COM GUINDAUTO (MUNCK),  MOMENTO MÁXIMO DE CARGA 11,7 TM, EM VIA INTERNA (DENTRO DO CANTEIRO - UNIDADE: TXKM). AF_07/2020","TXKM",800,9.25,10.507999999999999,{"$f":"ROUND(F114*H114,2)","v":8406.4},9.25]
["15.104","CPU","CPU006","REVESTIMENTO DE PAREDES EM CHAPAS DE AÇO INOXIDÁVEL AISI 304  - APENAS INSTALAÇÃO",{"$f":"[1]CPU!$I$140","v":"m²"},70.540000000000006,358.536,407.29689599999995,{"$f":"ROUND(F115*H115,2)","v":28730.720000000001},{"$f":"CPU!I150","v":358.536}]
["15.105","CPU","CPU008","CHAPA XADREZ EM ALUMINIO PARA PISO e:3mm, INCLUSO REBITE PARA FIXAÇÃO - APENAS MÃO DE OBRA",{"$f":"[1]CPU!$I$140","v":"m²"},29.9,540.94240000000002,614.51056640000002,{"$f":"ROUND(F116*H116,2)","v":18373.87},{"$f":"CPU!I180","v":540.94240000000002}]

{"sheet":"UBF","index":1,"n_rows":104,"n_cols":11,"rows_kept":104,"cut":false,"hidden":false,"merged":[[47,3,47,7],[54,3,54,7],[104,0,104,8],[9,3,9,7],[24,3,24,7],[30,3,30,7],[32,3,32,7],[36,3,36,7],[42,3,42,7],[10,3,10,7],[13,3,13,7],[19,3,19,7],[5,0,5,8],[6,0,7,0],[6,1,7,1],[6,2,7,2],[6,3,7,3],[6,4,7,4],[6,5,7,5],[6,6,6,8],[0,0,0,8],[1,0,1,8],[2,0,2,8],[3,0,4,6],[3,7,3,8],[4,7,4,8]]}
["MINISTÉRIO DA INTEGRAÇÃO E DO DESENVOLVIMENTO REGIONAL",{"$nulls":8},"BDI serviç",1.2591000000000001]
["COMPANHIA DE DESENVOLVIMENTO DOS VALES DO SÃO FRANCISCO E DO PARNAÍBA",{"$nulls":8},"BDI fornec.",1.1359999999999999]
["SEDE"]
["PLANILHA ORÇAMENTÁRIA DE ESTIMATIVA GERAL PARA O ESTADO DO PARÁ",{"$nulls":6},"Base SINAPI-PA 03-2025     ORSE 02-2025"]
[{"$nulls":7},"Data: Maio - 2025"]
[]
["Item","Base        ","Código        ","Descrição","Unid.","Quant.","Valor (R$)"]
[{"$nulls":6},"Unit. (sem BDI)","Unit. (com BDI)","Total"]
[]
[16,null,null,"UNIDADE DE BENEFICIAMENTO DE FRUTOS",{"$nulls":4},{"$f":"SUM(I11,I14,I20,I25,I31,I33,I37,I43,I48,I55)","v":389718.68431759998}]
["16.1",null,null,"SERVIÇOS PRELIMINARES",{"$nulls":4},{"$f":"SUM(I12:I13)","v":5313.41}]
["16.2","Sinapi",105009,{"$f":"[1]CPU!$A$91","v":"LOCAÇÃO DE OBRAS"},"m",{"$f":"15+10+15+10","v":50},{"$f":"J12","v":82.33},{"$f":"(G12*K$1)","v":103.661703},{"$f":"ROUND(F12*H12,2)","v":5183.09},82.33]
["16.3","Sinapi",98525,"LIMPEZA MECANIZADA DE CAMADA VEGETAL, VEGETAÇÃO E PEQUENAS ÁRVORES (DIÂMETRO DE TRONCO MENOR QUE 0,20 M), COM TRATOR DE ESTEIRAS.","m²",{"$f":"15*10","v":150},{"$f":"J13","v":0.69},{"$f":"(G13*K$1)","v":0.86877899999999997},{"$f":"ROUND(F13*H13,2)","v":130.32},0.69]
["16.4",null,null,"MOVIMENTO DE TERRA",{"$nulls":4},{"$f":"SUM(I15:I19)","v":3214.0899999999997}]
["16.5","Sinapi",101230,"ESCAVAÇÃO VERTICAL A CÉU ABERTO, EM OBRAS DE INFRAESTRUTURA, INCLUINDO CARGA, DESCARGA E TRANSPORTE, EM SOLO DE 1ª CATEGORIA COM ESCAVADEIRA HIDRÁULICA (CAÇAMBA: 0,8 M³ / 111 HP)","m³",54.76,{"$f":"J15","v":11.91},{"$f":"G15*$K$1","v":14.995881000000001},{"$f":"ROUND(F15*H15,2)","v":821.17},11.91]
["16.6","Sinapi",100577,"REGULARIZAÇÃO E COMPACTAÇÃO DE SUBLEITO DE SOLO PREDOMINANTEMENTE ARENOSO.","m²",150,0.53,{"$f":"G16*$K$1","v":0.66732300000000011},{"$f":"ROUND(F16*H16,2)","v":100.1},0.53]
["16.7","Sinapi",96385,"EXECUÇÃO E COMPACTAÇÃO DE ATERRO COM SOLO PREDOMINANTEMENTE ARGILOSO - EXCLUSIVE SOLO, ESCAVAÇÃO, CARGA E TRANSPORTE","m³",75,13.09,{"$f":"G17*$K$1","v":16.481619000000002},{"$f":"ROUND(F17*H17,2)","v":1236.1199999999999},13.09]
["16.8","Sinapi",100574,"ESPALHAMENTO DE MATERIAL COM TRATOR DE ESTEIRAS.","m³",75,1.46,{"$f":"G18*$K$1","v":1.8382860000000001},{"$f":"ROUND(F18*H18,2)","v":137.87},1.46]
["16.9","Sinapi",100973,"CARGA, MANOBRA E DESCARGA DE SOLOS E MATERIAIS GRANULARES EM CAMINHÃO BASCULANTE 6 M³ - CARGA COM PÁ CARREGADEIRA (CAÇAMBA DE 1,7 A 2,8 M³ /128 HP) E DESCARGA LIVRE ","m³",75,9.73,{"$f":"G19*$K$1","v":12.251043000000001},{"$f":"ROUND(F19*H19,2)","v":918.83},9.73]
["16.10",null,null,"FUNDAÇÕES/ ESTRUTURAS DE CONCRETO ARMADO",{"$nulls":4},{"$f":"SUM(I21:I24)","v":19323.384317600001}]
["16.11","Sinapi",92802,"CORTE E DOBRA DE AÇO CA-50, DIÂMETRO DE 8,0 MM","kg",101.6,{"$f":"J21","v":11.21},{"$f":"G21*K1","v":14.114511000000002},{"$f":"H21*F21","v":1434.0343176000001},11.21]
["16.12","Sinapi",94965,"CONCRETO FCK = 25MPA, TRAÇO 1:2,3:2,7 (CIMENTO/ AREIA MÉDIA/ BRITA 1) - PREPARO MECÂNICO COM BETONEIRA 400 L. ","m³",17,724.66,{"$f":"G22*K1","v":912.41940600000009},{"$f":"ROUND(F22*H22,2)","v":15511.13},724.66]
["16.13","Sinapi","103673","LANÇAMENTO COM USO DE BOMBA, ADENSAMENTO E ACABAMENTO DE CONCRETO EM ESTRUTURAS. AF_02/2022","m³",17,47.62,{"$f":"G23*K1","v":59.958342000000002},{"$f":"ROUND(F23*H23,2)","v":1019.29},47.62]
["16.14","Sinapi",97086,"FABRICAÇÃO, MONTAGEM E DESMONTAGEM DE FORMA PARA RADIER, EM MADEIRA SERRADA, 4 UTILIZAÇÕES.","m²",7.8,138.37,{"$f":"G24*K$1","v":174.22166700000002},{"$f":"ROUND(F24*H24,2)","v":1358.93},138.37]
["16.15",null,null,"ALVENARIAS, DIVISÓRIAS E FECHAMENTOS",{"$nulls":4},{"$f":"SUM(I26:I30)","v":64890.850000000006}]
["16.16","CPU","CPU010","REVESTIMENTO DE PAREDES EM CHAPAS DE AÇO INOXIDÁVEL AISI 304  - APENAS INSTALAÇÃO","m²",160.29,{"$f":"J26","v":49.760000000000005},{"$f":"G26*K$1","v":62.652816000000009},{"$f":"ROUND(F26*H26,2)","v":10042.620000000001},{"$f":"CPU!I205","v":49.760000000000005}]
["16.17","ORSE","10280/ORSE","MANTA EM LÃ DE VIDRO","m²",134.78,15.05,{"$f":"G27*K$1","v":18.949455000000004},{"$f":"ROUND(F27*H27,2)","v":2554.0100000000002},15.05]
["16.18","CPU","CPU009","CHAPA XADREZ EM ALUMINIO PARA PISO e:3mm, INCLUSO REBITE PARA FIXAÇÃO - APENAS INSTALAÇÃO","m²",56.543999999999997,435.67089999999996,548.55323019000002,{"$f":"ROUND(F28*H28,2)","v":31017.39},{"$f":"CPU!I192","v":435.67089999999996}]
["16.19","Sinapi",104723,"PAREDE COM SISTEMA EM CHAPAS DE GESSO PARA DRYWALL, USO INTERNO, COM DUAS FACES DUPLAS E ESTRUTURA METÁLICA COM GUIAS DUPLAS PARA PAREDES COM ÁREA LÍQUIDA MENOR QUE 6 M2, COM VÃOS.","m²",42.8,290.19,365.37822900000003,{"$f":"ROUND(F29*H29,2)","v":15638.19},290.19]
["16.20","Sinapi",96486,"FORRO EM RÉGUAS DE PVC, LISO, PARA AMBIENTES COMERCIAIS, INCLUSIVE ESTRUTURA BIDIRECIONAL DE FIXAÇÃO","m²",54.112000000000002,82.76,104.20311600000001,{"$f":"ROUND(F30*H30,2)","v":5638.64},82.76]
["16.21",null,null,"PINTURAS",{"$nulls":4},{"$f":"SUM(I32:I32)","v":14065.26}]
["16.22","Sinapi",100751,"PINTURA COM TINTA EPOXÍDICA DE ACABAMENTO PULVERIZADA SOBRE PERFIL METÁLICO EXECUTADO EM FÁBRICA (02 DEMÃOS).","m²",263.89999999999998,{"$f":"J32","v":42.33},{"$f":"G32*K$1","v":53.297703000000006},{"$f":"ROUND(F32*H32,2)","v":14065.26},42.33]
["16.23",null,null,"COBERTURAS",{"$nulls":4},{"$f":"SUM(I34:I36)","v":40594.050000000003}]
["16.24","ORSE","13874/ORSE","ESTRUTURA METALICA P/ COBERTURA DE CRECHE PADRÃO 1 DO PADRÃO FNDE, EM LIGTH STEEL FRAME, COM PERFIS UE70 MONTANTES DE TUBO UE70, INCLUSIVE FORNECIMENTO E MONTAGEM. EXCLUSIVE TELHAS","m²",98.42,{"$f":"J34","v":113.51},{"$f":"(G34*K$1)","v":142.92044100000001},{"$f":"ROUND(F34*H34,2)","v":14066.23},113.51]
["16.25","Sinapi",94216,"TELHAMENTO COM TELHA METÁLICA TERMOACÚSTICA E = 30 MM, COM ATÉ 2 ÁGUAS, INCLUSO IÇAMENTO","m²",98.42,{"$f":"J35","v":197.45},{"$f":"G35*K$1","v":248.609295},{"$f":"ROUND(F35*H35,2)","v":24468.13},197.45]
["16.26","Sinapi",94228,"CALHA EM CHAPA DE AÇO GALVANIZADO NÚMERO 24, DESENVOLVIMENTO DE 50 CM, INCLUSO TRANSPORTE VERTICAL. AF_07/2019","m",18,90.88,114.427008,{"$f":"ROUND(F36*H36,2)","v":2059.69},90.88]
["16.27",null,null,"CONSTRUÇÃO CIVIL",{"$nulls":4},{"$f":"SUM(I38:I40)","v":10941.580000000002}]
["16.28","Sinapi",100702,"PORTA DE CORRER DE ALUMÍNIO, COM DUAS FOLHAS PARA VIDRO, INCLUSO VIDRO LISO INCOLOR, FECHADURA E PUXADOR, SEM ALIZAR. ","m²",4.8499999999999996,364.63,459.10563300000001,{"$f":"ROUND(F38*H38,2)","v":2226.66},364.63]
["16.29","Sinapi",91341,"PORTA EM ALUMÍNIO DE ABRIR TIPO VENEZIANA COM GUARNIÇÃO, FIXAÇÃO COM PARAFUSOS - FORNECIMENTO E INSTALAÇÃO.","m²",3.8,518.46,652.79298600000016,{"$f":"ROUND(F39*H39,2)","v":2480.61},518.46]
["16.30","Sinapi",100674,"CAIXILHO FIXO DE ALUMÍNIO PARA VIDRO (VIDRO INCLUSO), BATENTE/ REQUADRO DE 4 A 14 CM, SEM\nGUARNIÇÃO/ ALIZAR, FIXAÇÃO COM PARAFUSOS, VEDAÇÃO COM SILICONE, EXCLUSIVE CONTRAMARCO -\nFORNECIMENTO E INSTALAÇÃO. AF_11/2024","m²",8.85,559.48,704.44126800000004,{"$f":"ROUND(F40*H40,2)","v":6234.31},559.48]
["16.31","CPU","CPU007","REVESTIMENTO CERÂMICO PARA PISO COM PLACAS TIPO ESMALTADA DE DIMENSÕES 45x45cm COM ARGAMASSA AC III","m²",60,99.714817999999994,125.5509273438,{"$f":"ROUND(F41*H41,2)","v":7533.06},{"$f":"CPU!I169","v":99.714817999999994}]
["16.32","Sinapi",94228,"CALHA EM CHAPA DE AÇO GALVANIZADO NÚMERO 24, DESENVOLVIMENTO DE 50 CM, INCLUSO TRANSPORTE VERTICAL. AF_07/2019","m",24,90.88,114.427008,{"$f":"ROUND(F42*H42,2)","v":2746.25},90.88]
["16.33",null,null,"INSTALAÇÕES PREDIAIS",{"$nulls":4},{"$f":"SUM(I44:I45)","v":8269.77}]
["16.34","CPU","CPU001",{"$f":"[2]CPU!$A$65","v":"EXECUÇÃO DE INSTALAÇÕES HIDROSSANITÁRIAS, EXCLUSIVE EQUIPAMENTOS"},{"$f":"[2]CPU!$I$78","v":"cj"},1,3240.3999999999996,4079.9876399999998,{"$f":"ROUND(F44*H44,2)","v":4079.99},{"$f":"CPU!I43","v":3240.3999999999996}]
["16.35","CPU","CPU002",{"$f":"[2]CPU!$A$78","v":"EXECUÇÃO DE INSTALAÇÕES ELÉTRICAS, EXCLUSIVE EQUIPAMENTOS"},{"$f":"[2]CPU!$I$78","v":"cj"},1,3327.6,4189.7811600000005,{"$f":"ROUND(F45*H45,2)","v":4189.78},{"$f":"CPU!I56","v":3327.6}]
["16.36","SINAPI",98052,"TANQUE SÉPTICO CIRCULAR, EM CONCRETO PRÉ-MOLDADO, DIÂMETRO INTERNO = 1,10 M, ALTURA INTERNA = 2,50 M, VOLUME ÚTIL: 2138,2 L (PARA 5 CONTRIBUINTES).","un",1,2118.4899999999998,2667.3907589999999,2667.39,2118.4899999999998]
["16.37","SINAPI",98062,"SUMIDOURO CIRCULAR, EM CONCRETO PRÉ-MOLDADO, DIÂMETRO INTERNO = 1,88 M, ALTURA INTERNA = 2,00 M, ÁREA DE INFILTRAÇÃO: 13,1 M² (PARA 5 CONTRIBUINTES)","un",1,3166.84,3987.3682440000007,3987.37,3166.84]
["16.38",null,null,"SERVIÇOS DIVERSOS",{"$nulls":4},{"$f":"SUM(I49:I54)","v":37106.160000000003}]
["16.39","CPU","CPU003",{"$f":"[2]CPU!$A$140","v":"CORTE DE CONTAINER PARA ESQUADRIAS"},{"$f":"[2]CPU!$I$140","v":"m²"},12.65,187.1925,235.69407675000002,{"$f":"ROUND(F49*H49,2)","v":2981.53},{"$f":"CPU!I74","v":187.1925}]
["16.40","CPU","CPU004",{"$f":"[2]CPU!$A$182","v":"MODIFICAÇÕES NO CONTAINER COM CORTE POR ESMERILHADEIRA "},{"$f":"[2]CPU!$I$182","v":"m"},57.68,98.265000000000001,123.72546150000001,7136.48,{"$f":"CPU!I116","v":98.265000000000001}]
["16.41","CPU","CPU005",{"$f":"[2]CPU!$A$200","v":"MODIFICAÇÕES NO CONTAINER UNIÃO ATRAVÉS DO PROCESSO DE SOLDAGEM, INCLUSO IÇAMENTO DO CONTAINER"},{"$f":"[2]CPU!$I$200","v":"m"},40.799999999999997,394.41918600000002,496.61319709260005,20261.82,{"$f":"CPU!I138","v":394.41918600000002}]
["16.42","Orse","00900/ORSE","ESCADA DE FERRO COM GUARDA-CORPO","m",0.9,1472.16,1853.5966560000002,1668.24,1472.16]
["16.43","CPU","CPU011","GUARDA-CORPO DE AÇO CARBONO, MONTANTES TUBULARES DE 1.1/2\" ESPAÇADOS EM 0,75M, ALTURA APROXIMADA DE 0,90M, PREPARADO COM FUNDO E TINTA EPÓXI NA COR AMARELA","m",1.9,447.50650633333333,563.45544212430002,1070.57,{"$f":"CPU!I228","v":447.50650633333333}]
["16.44","CPU","CPU013","FORNECIMENTO E INSTALAÇÃO DE SUPORTE PARA CAIXA D'ÁGUA EM METALON","un",1,3166.9581684000004,3987.517029832441,3987.52,{"$f":"CPU!I282","v":3166.9581684000004}]
["16.45",null,null,"MATERIAIS",{"$nulls":4},{"$f":"SUM(I56:I104)","v":186000.13}]
["16.46","Cotação",null,"CONTAINER HIGH CUBE 40 PÉS 12,2X2,3X2,9 (COMPXLARGXALTU)","un",2,22002.5,27703.347750000001,{"$f":"ROUND(F56*H56,2)","v":55406.7},{"$f":"CPU!I262","v":22002.5}]
["16.47","Sinapi",89356,"TUBO PVC, SOLDAVEL, DN 25 MM, AGUA FRIA (NBR-5648)","m",6,26.33,33.152103000000004,198.91,26.33]
["16.48","Sinapi",89357,"TUBO PVC, SOLDAVEL, DN 32 MM, AGUA FRIA (NBR-5648)","m",18,36.44,45.881604000000003,825.87,36.44]
["16.49","Sinapi",89448,"TUBO PVC, SOLDAVEL, DN 40 MM, AGUA FRIA (NBR-5648) ","m",3,19.260000000000002,24.250266000000003,72.75,19.260000000000002]
["16.50","Sinapi",9838,"TUBO PVC SERIE NORMAL, DN 50 MM, PARA ESGOTO PREDIAL (NBR 5688) ","m",30,12.91,16.254981000000001,487.65,12.91]
["16.51","Sinapi",89362,"JOELHO 90 GRAUS, PVC, SOLDÁVEL, DN 25MM, INSTALADO EM RAMAL OU SUB-RAMAL DE ÁGUA - FORNECIMENTO E INSTALAÇÃO. AF_06/2022","un",5,10.47,13.182777000000002,65.91,10.47]
["16.52","Sinapi",89367,"JOELHO 90 GRAUS, PVC, SOLDÁVEL, DN 32MM, INSTALADO EM RAMAL OU SUB-RAMAL DE ÁGUA - FORNECIMENTO E INSTALAÇÃO. AF_06/2022","un",4,14.52,18.282132000000001,73.13,14.52]
["16.53","Sinapi",89497,"JOELHO 90 GRAUS, PVC, SOLDÁVEL, DN 40MM, INSTALADO EM PRUMADA DE ÁGUA - FORNECIMENTO E INSTALAÇÃO. AF_06/2022","un",3,14.85,18.697635000000002,56.09,14.85]
["16.54","Sinapi",3874,"LUVA SOLDAVEL COM BUCHA DE LATÃO DN25X1/2\"","un",5,7.18,9.0403380000000002,45.2,7.18]
["16.55","Sinapi",12909,"CAP PVC, SOLDAVEL, DN 50 MM, SERIE NORMAL, PARA ESGOTO PREDIAL","un",3,5.38,6.7739580000000004,20.32,5.38]
["16.56","Sinapi",7136,"TE DE REDUCAO, PVC, SOLDAVEL, 90 GRAUS, 32 MM X 25 MM, PARA AGUA FRIA PREDIAL","un",5,8.01,10.085391000000001,50.43,8.01]
["16.57","Sinapi",97,"ADAPTADOR PVC SOLDAVEL, COM FLANGE E ANEL DE VEDACAO, 32 MM X 1\", PARA CAIXA D'ÁGUA","un",1,22.23,27.989793000000002,27.99,22.23]
["16.58","Sinapi",98,"ADAPTADOR PVC SOLDAVEL, COM FLANGE E ANEL DE VEDACAO, 40 MM X 1 1/4\", PARA CAIXA D'ÁGUA","un",1,33.270000000000003,41.890257000000005,41.89,33.270000000000003]
["16.59","Sinapi",11871,"CAIXA D'AGUA EM POLIETILENO 500 LITROS, COM TAMPA","un",1,516.79,650.69028900000001,650.69000000000005,516.79]
["16.60","Sinapi",94795,"TORNEIRA DE BOIA PARA CAIXA D'ÁGUA, ROSCÁVEL, 1/2\" - FORNECIMENTO E INSTALAÇÃO. AF_08/2021","un",1,35.119999999999997,44.219591999999999,44.22,35.119999999999997]
["16.61","Sinapi",799,"BUCHA DE REDUCAO PVC, ROSCAVEL, 1\" X 1/2\"","un",1,4.21,5.3008110000000004,5.3,4.21]
["16.62","Sinapi",11746,"VALVULA DE ESFERA BRUTA EM BRONZE, BITOLA 1”","un",1,53.96,67.941036000000011,67.94,53.96]
["16.63","Sinapi",4177,"NIPLE DE FERRO GALVANIZADO, COM ROSCA BSP, DE 1/2\"","un",1,5.64,7.101324,{"$f":"ROUND(F73*H73,2)","v":7.1},5.64]
["16.64","Sinapi",3855,"LUVA SOLDAVEL COM BUCHA DE LATÃO DN25X1/2\"","un",1,6.19,7.7938290000000015,{"$f":"ROUND(F74*H74,2)","v":7.79},6.19]
["16.65","Sinapi",11674,"REGISTRO ESFERA PVC DN25 SOLDAVEL","un",1,22.83,28.745253000000002,{"$f":"ROUND(F75*H75,2)","v":28.75},22.83]
["16.66","Sinapi",35277,"CAIXA DE GORDURA EM PVC, DIAMETRO MINIMO 300 MM, DIAMETRO DE SAIDA 100 MM CAPACIDADE APROXIMADA 18 LITROS, COM TAMPA E CESTO","un",2,418.74,527.23553400000003,{"$f":"ROUND(F76*H76,2)","v":1054.47},418.74]
["16.67","Sinapi",89482,"CAIXA SIFONADA, PVC, DN 100 X 100 X 50 MM, FORNECIDA E INSTALADA EM RAMAIS DE ENCAMINHAMENTO DE ÁGUA PLUVIAL. AF_06/2022","un",5,44.17,55.614447000000006,278.07,44.17]
["16.68","Sinapi",89502,"JOELHO 45 GRAUS, PVC, SOLDÁVEL, DN 50MM, INSTALADO EM PRUMADA DE ÁGUA - FORNECIMENTO E INSTALAÇÃO. AF_06/2022","un",4,18.98,23.897718000000001,95.59,18.98]
["16.69","Sinapi",89501,"JOELHO 90 GRAUS, PVC, SOLDÁVEL, DN 50MM, INSTALADO EM PRUMADA DE ÁGUA - FORNECIMENTO E INSTALAÇÃO. AF_06/2022","un",10,15.99,20.133009000000001,201.33,15.99]
["16.70","Sinapi",103995,"LUVA, PVC, SOLDÁVEL, DN 50MM, INSTALADO EM RAMAL DE DISTRIBUIÇÃO DE ÁGUA - FORNECIMENTO E INSTALAÇÃO. AF_06/2022","un",21,16.73,21.064743000000004,442.36,16.73]
["16.71","Sinapi",89567,"JUNÇÃO SIMPLES, PVC, SERIE R, ÁGUA PLUVIAL, DN 100 X 100 MM, JUNTA ELÁSTICA, FORNECIDO E INSTALADO EM RAMAL DE ENCAMINHAMENTO. AF_06/2022","un",6,96.98,122.10751800000001,732.65,96.98]
["16.72","Sinapi",12909,"CAP PVC, SOLDAVEL, DN 50 MM, SERIE NORMAL, PARA ESGOTO","un",1,5.38,6.7739580000000004,6.77,5.38]
["16.73","Sinapi",34628,"DISJUNTOR TIPO DIN/IEC, BIPOLAR 63 A","un",1,71.16,89.597555999999997,89.6,71.16]
["16.74","Sinapi",34616,"DISJUNTOR TIPO DIN/IEC, BIPOLAR DE 6 ATE 32A","un",6,50.45,63.521595000000012,381.13,50.45]
["16.75","ORSE","07943/ORSE","DISJUNTOR BIPOLAR DR 25A - DISPOSITIVO DIFERENCIAL RESIDUAL, TIPO AC, 30MA","un",3,278.5,350.65935000000002,1051.98,278.5]
["16.76","Sinapi",39805,"QUADRO DE DISTRIBUICAO, EM PVC, DE EMBUTIR, COM BARRAMENTO TERRA / NEUTRO, PARA 12 DISJUNTORES NEMA OU 16 DISJUNTORES DIN","un",1,146.63999999999999,184.634424,184.63,146.63999999999999]
["16.77","Sinapi",1014,"CABO DE COBRE, FLEXIVEL, CLASSE 4 OU 5, ISOLACAO EM PVC/A, ANTICHAMA BWF-B, 1 CONDUTOR, 450/750 V, SECAO NOMINAL 2,5 MM2","m",397.5,2.54,3.1981140000000003,1271.25,2.54]
["16.78","Sinapi",39471,"DISPOSITIVO DPS CLASSE II, 1 POLO, TENSAO MAXIMA DE 275 V, CORRENTE MAXIMA DE *45* KA (TIPO AC)","un",2,101.33,127.58460300000002,255.17,101.33]
["16.79","Sinapi",981,"CABO DE COBRE, FLEXIVEL, CLASSE 4 OU 5, ISOLACAO EM PVC/A, ANTICHAMA BWF-B, 1 CONDUTOR, 450/750 V, SECAO NOMINAL 4 MM2","m",77.58,4.21,5.3008110000000004,411.24,4.21]
["16.80","Sinapi",993,"CABO DE COBRE, FLEXIVEL, CLASSE 4 OU 5, ISOLACAO EM PVC/A, ANTICHAMA BWF-B, COBERTURA PVC-ST1, ANTICHAMA BWF-B, 1 CONDUTOR, 0,6/1 KV, SECAO NOMINAL 1,5 MM2","m",396.4,2.13,2.681883,1063.0999999999999,2.13]
["16.81","Sinapi",38076,"TOMADAS (2 MODULOS) 2P+T 10A, 250V, CONJUNTO MONTADO PARA EMBUTIR 4\" X 2\" (PLACA + SUPORTE + MODULOS)","un",11,17.96,22.613436000000004,248.75,17.96]
["16.82","Sinapi",1871,"CAIXA OCTOGONAL DE FUNDO MOVEL, EM PVC, DE 3\" X 3\", PARA ELETRODUTO FLEXIVEL CORRUGADO","un",8,5.32,6.6984120000000011,53.59,5.32]
["16.83","Sinapi",2689,"ELETRODUTO PVC FLEXIVEL CORRUGADO, COR AMARELA, DE 20 MM","m",15.53,3.01,3.7898909999999999,58.86,3.01]
["16.84","Sinapi",2688,"ELETRODUTO PVC FLEXIVEL CORRUGADO, COR AMARELA, DE 25 MM","m",71.739999999999995,3.26,4.1046659999999999,294.47000000000003,3.26]
["16.85","Sinapi",20111,"FITA ISOLANTE ADESIVA ANTICHAMA, USO ATE 750 V, EM ROLO DE 19 MM X 20 M","un",6,19.48,24.527268000000003,147.16,19.48]
["16.86","Sinapi",1873,"CAIXA DE PASSAGEM, EM PVC, DE 4\" X 4\", PARA ELETRODUTO FLEXIVEL CORRUGADO","un",1,5.91,7.4412810000000009,7.44,5.91]
["16.87","Sinapi",38063,"INTERRUPTOR PARALELO 10A, 250V, CONJUNTO MONTADO PARA EMBUTIR 4\" X 2\" (PLACA + SUPORTE + MODULO)","un",4,9.67,12.175497000000002,48.7,9.67]
["16.88","Sinapi",38078,"INTERRUPTOR PARALELO + TOMADA 2P+T 10A, 250V, CONJUNTO MONTADO PARA EMBUTIR 4\" X 2\" (PLACA + SUPORTE + MODULOS)","un",1,{"$f":"J98","v":16.59},20.888469000000001,20.89,16.59]
["16.89","Sinapi",38775,"LUMINARIA TIPO TARTARUGA PARA AREA EXTERNA EM ALUMINIO, COM GRADE, PARA 1 LAMPADA, BASE E27, POTENCIA MAXIMA 40/60 W (NAO INCLUI LAMPADA)","un",8,80.790000000000006,{"$f":"(G99*K$2)","v":91.777439999999999},734.22,80.790000000000006]
["16.90","Sinapi",10569,"CAIXA DE PASSAGEM / DERIVACAO / LUZ, OCTOGONAL 4 X4, EM ACO ESMALTADA, COM FUNDO MOVEL SIMPLES (FMS)","un",6,2.96,{"$f":"G100*K$1","v":3.7269360000000002},22.36,2.96]
["16.91","Sinapi",100954,"TRANSPORTE COM CAMINHÃO CARROCERIA COM GUINDAUTO (MUNCK),  MOMENTO MÁXIMO DE CARGA 11,7 TM, EM VIA INTERNA (DENTRO DO CANTEIRO - UNIDADE: TXKM). AF_07/2020","TXKM",600,9.25,11.646675000000002,{"$f":"ROUND(F101*H101,2)","v":6988.01},9.25]
["16.92","Sinapi",100788,"KIT CAVALETE PARA GÁS - SEM MEDIDOR OU REGULADOR - ENTRADA INDIVIDUAL PRINCIPAL, EM AÇO GALVANIZADO DN 15 E 25 MM (1/2\" E 1\") - FORNECIMENTO E INSTALAÇÃO","un",1,634.91,799.41518100000008,{"$f":"ROUND(F102*H102,2)","v":799.42},634.91]
["16.93","CPU","CPU008","CHAPA XADREZ EM ALUMINIO PARA PISO e:3mm, INCLUSO REBITE PARA FIXAÇÃO - APENAS MATERIAL","m²",56.543999999999997,540.94240000000002,681.10057584000003,{"$f":"ROUND(F103*H103,2)","v":38512.15},{"$f":"CPU!I180","v":540.94240000000002}]
["16.94","CPU","CPU006","REVESTIMENTO DE PAREDES EM CHAPAS DE AÇO INOXIDÁVEL AISI 304  - APENAS MATERIAL","m²",160.29,358.536,451.43267760000003,{"$f":"ROUND(F104*H104,2)","v":72360.14},{"$f":"CPU!I150","v":358.536}]

{"sheet":"CPU","index":2,"n_rows":282,"n_cols":11,"rows_kept":282,"cut":false,"hidden":false,"merged":[[280,0,280,7],[281,0,281,7],[272,0,272,7],[273,0,273,8],[277,0,277,7],[278,0,278,2],[278,4,278,7],[279,0,279,7],[243,0,243,7],[244,0,244,7],[263,0,263,7],[264,0,264,6],[265,0,265,6],[266,0,266,8],[246,0,246,7],[247,0,247,6],[248,0,248,6],[249,0,249,8],[253,0,253,7],[254,0,254,8],[257,0,257,7],[258,0,258,2],[258,4,258,7],[259,0,259,7],[240,0,240,7],[241,0,241,2],[241,4,241,7],[242,0,242,7],[226,0,226,7],[227,0,227,7],[229,0,229,7],[230,0,230,6],[231,0,231,6],[232,0,232,8],[223,0,223,7],[224,0,224,2],[224,4,224,7],[225,0,225,7],[207,0,207,6],[208,0,208,6],[209,0,209,8],[236,0,236,7],[237,0,237,8],[196,0,196,8],[200,0,200,7],[201,0,201,2],[201,4,201,7],[202,0,202,7],[203,0,203,7],[204,0,204,7],[218,0,218,7],[219,0,219,8],[182,0,182,6],[183,0,183,6],[184,0,184,8],[188,0,188,7],[189,0,189,2],[189,4,189,7],[190,0,190,7],[191,0,191,7],[195,0,195,6],[193,0,193,7],[194,0,194,6],[147,0,147,7],[171,0,171,6],[172,0,172,6],[173,0,173,8],[177,0,177,7],[178,0,178,7],[179,0,179,7],[180,0,180,8],[181,0,181,7],[134,0,134,2],[134,4,134,7],[135,0,135,7],[136,0,136,7],[137,0,137,7],[120,0,120,8],[125,0,125,7],[126,0,126,8],[129,0,129,7],[130,0,130,8],[133,0,133,7],[114,0,114,7],[115,0,115,7],[116,0,116,8],[117,0,117,7],[118,0,118,6],[119,0,119,6],[106,0,106,7],[107,0,107,8],[111,0,111,7],[112,0,112,2],[112,4,112,7],[113,0,113,7],[97,0,97,7],[98,0,98,8],[99,0,99,7],[100,0,100,6],[101,0,101,6],[102,0,102,8],[90,0,90,8],[93,0,93,7],[94,0,94,2],[94,4,94,7],[95,0,95,7],[96,0,96,7],[84,0,84,7],[85,0,85,7],[86,0,86,8],[87,0,87,7],[88,0,88,6],[89,0,89,6],[77,0,77,6],[78,0,78,8],[81,0,81,7],[82,0,82,2],[82,4,82,7],[83,0,83,7],[58,0,58,6],[71,0,71,7],[72,0,72,7],[73,0,73,7],[74,0,74,8],[75,0,75,7],[76,0,76,6],[59,0,59,6],[60,0,60,8],[64,0,64,7],[65,0,65,8],[69,0,69,7],[70,0,70,2],[70,4,70,7],[55,0,55,7],[47,0,47,8],[51,0,51,7],[52,0,52,2],[52,4,52,7],[53,0,53,7],[54,0,54,7],[56,0,56,8],[57,0,57,7],[41,0,41,7],[42,0,42,7],[43,0,43,8],[44,0,44,7],[45,0,45,6],[46,0,46,6],[33,0,33,6],[34,0,34,8],[38,0,38,7],[39,0,39,2],[39,4,39,7],[40,0,40,7],[27,0,27,7],[28,0,28,7],[29,0,29,7],[30,0,30,8],[31,0,31,7],[32,0,32,6],[9,0,9,8],[17,0,17,7],[18,0,18,8],[25,0,25,7],[26,0,26,2],[26,4,26,7],[0,0,0,8],[1,0,1,8],[2,0,2,8],[3,0,4,6],[3,7,3,8],[4,7,4,8],[5,0,5,8],[6,0,6,7],[7,0,7,6],[260,0,260,7],[261,0,261,7],[206,0,206,7],[139,0,139,7],[140,0,140,6],[142,0,142,8],[146,0,146,7],[148,0,148,7],[149,0,149,7],[150,0,150,8],[151,0,151,7],[152,0,152,6],[153,0,153,6],[154,0,154,8],[159,0,159,7],[160,0,160,8],[164,0,164,7],[165,0,165,2],[165,4,165,7],[166,0,166,7],[167,0,167,7],[168,0,168,7],[170,0,170,7],[141,0,141,6]]}
["MINISTÉRIO DA INTEGRAÇÃO E DO DESENVOLVIMENTO REGIONAL - MIDR"]
["COMPANHIA DE DESENVOLVIMENTO DOS VALES DO SÃO FRANCISCO E DO PARNAÍBA"]
["SEDE"]
["PLANILHA ORÇAMENTÁRIA DE ESTIMATIVA GERAL PARA O ESTADO DO PARÁ",{"$nulls":6},"Base SINAPI-PA 03-2025     ORSE 02-2025"]
[{"$nulls":7},"Data: Maio - 2025"]
["COMPOSIÇÕES DE PREÇO UNITÁRIO"]
[" COMPOSIÇÃO DE PREÇO UNITÁRIO",{"$nulls":7},"CPU003"]
["DESCRIÇÃO DO SERVIÇO",{"$nulls":6},"DATA BASE: ","2024-07-01"]
["ADMINISTRAÇÃO LOCAL ",{"$nulls":6},"UNIDADE: ","mês"]
["MATERIAL"]
["BASE","CÓDIGO","DISCRIMINAÇÃO","UNI","QUANT.","PROD","P.UN.PROD","P.UN.IMPR","P.TOTAL"]
["MERCADO",null,"ALUGUEL","mês",1,null,null,800,{"$f":"E12*H12","v":800}]
["MERCADO",null,"TELEFONE E INTERNET","mês",1,null,null,99.9,99.9]
["MERCADO",null,"ENERGIA ELÉTRICA","kwh",200,null,null,0.53,106]
["MERCADO",null,"ÁGUA E ESGOTO","mês",1,null,null,100,100]
["MERCADO",null,"MATERIAL PARA ESCRITÓRIO","mês",1,null,null,150,150]
["MERCADO",null,"MATERIAL DE LIMPEZA","mês",1,null,null,50,50]
["SUB-TOTAL",{"$nulls":7},{"$f":"SUM(I12:I17)","v":1305.9000000000001}]
["MÃO DE OBRA"]
["BASE","CÓDIGO","DISCRIMINAÇÃO","UNI","QUANT.",null,null,"P.UNIT.","P.TOTAL"]
["MERCADO",null,"ENGENHEIRO DE OBRA ","mês",1,null,null,8483,{"$f":"E21*H21","v":8483}]
["MERCADO",null,"MESTRE DE OBRAS","mês",1,null,null,4515.12,{"$f":"E22*H22","v":4515.12}]
["MERCADO",null,"AUXILIAR DE ESCRITORIO COM ENCARGOS COMPLEMENTARES ","mês",1,null,null,1100,{"$f":"E23*H23","v":1100}]
["MERCADO",null,"TÉCNICO EM SEGURANÇA DO TRABALHO","h",44,null,null,27.26,{"$f":"E24*H24","v":1199.44}]
["MERCADO",null,"VIGIA","mês",1,null,null,1100,{"$f":"E25*H25","v":1100}]
["SUB-TOTAL",{"$nulls":7},{"$f":"SUM(I21:I25)","v":16397.559999999998}]
["PRODUÇÃO DA EQUIPE",null,null,1,"CUSTO ",null,null,null,{"$f":"I26+I18","v":17703.46}]
["TOTAL - R$",{"$nulls":7},{"$f":"I27/D27","v":17703.46}]
["BDI                %",{"$nulls":7},1]
["TOTAL DO SERVIÇO - R$",{"$nulls":7},{"$f":"I28*I29","v":17703.46}]
[]
[" COMPOSIÇÃO DE PREÇO UNITÁRIO",{"$nulls":7},"CPU001","XX"]
["DESCRIÇÃO DO SERVIÇO",{"$nulls":6},"DATA BASE: ","2025-03-01"]
["EXECUÇÃO DE INSTALAÇÕES HIDROSSANITÁRIAS, EXCLUSIVE EQUIPAMENTOS",{"$nulls":6},"UNIDADE: ","cj"]
["MÃO DE OBRA"]
["BASE","CÓDIGO","DISCRIMINAÇÃO","UNI","QUANT.",null,null,"P.UNIT.","P.TOTAL"]
["SINAPI",88316,"SERVENTE DE OBRAS ","h",80,null,null,25.11,{"$f":"E37*H37","v":2008.8}]
["SINAPI",88309,"PEDREIRO","h",40,null,null,30.79,{"$f":"E38*H38","v":1231.5999999999999}]
["SUB-TOTAL",{"$nulls":7},{"$f":"SUM(I37:I38)","v":3240.3999999999996}]
["PRODUÇÃO DA EQUIPE",null,null,1,"CUSTO ",null,null,null,{"$f":"SUM(I39)","v":3240.3999999999996}]
["TOTAL - R$",{"$nulls":7},{"$f":"I40/D40","v":3240.3999999999996}]
["BDI                %",{"$nulls":7},1]
["TOTAL DO SERVIÇO - R$",{"$nulls":7},{"$f":"I41*I42","v":3240.3999999999996},null,2832.8]
[]
[" COMPOSIÇÃO DE PREÇO UNITÁRIO",{"$nulls":7},"CPU002","XX"]
["DESCRIÇÃO DO SERVIÇO",{"$nulls":6},"DATA BASE: ","2025-03-01"]
["EXECUÇÃO DE INSTALAÇÕES ELÉTRICAS, EXCLUSIVE EQUIPAMENTOS",{"$nulls":6},"UNIDADE: ","cj"]
["MÃO DE OBRA"]
["BASE","CÓDIGO","DISCRIMINAÇÃO","UNI","QUANT.",null,null,"P.UNIT.","P.TOTAL"]
["SINAPI",88247,"AUXILIAR DE ELETRICISTA","h",80,null,null,26.05,{"$f":"E50*H50","v":2084}]
["SINAPI",88264,"ELETRICISTA","h",40,null,null,31.09,{"$f":"E51*H51","v":1243.5999999999999}]
["SUB-TOTAL",{"$nulls":7},{"$f":"SUM(I50:I51)","v":3327.6}]
["PRODUÇÃO DA EQUIPE",null,null,1,"CUSTO ",null,null,null,{"$f":"SUM(I52)","v":3327.6}]
["TOTAL - R$",{"$nulls":7},{"$f":"I53/D53","v":3327.6}]
["BDI                %",{"$nulls":7},1]
["TOTAL DO SERVIÇO - R$",{"$nulls":7},{"$f":"I54*I55","v":3327.6},null,2916]
[]
[" COMPOSIÇÃO DE PREÇO UNITÁRIO",{"$nulls":7},"CPU003","XX"]
["DESCRIÇÃO DO SERVIÇO",{"$nulls":6},"DATA BASE: ","2025-03-01"]
["CORTE DE CONTAINER PARA ESQUADRIAS",{"$nulls":6},"UNIDADE: ","m²"]
["MATERIAL"]
["BASE","CÓDIGO","DISCRIMINAÇÃO","UNI","QUANT.",null,null,"P.UNIT.","P.TOTAL"]
["SINAPI",11359,"ESMERILHADEIRA ANGULAR ELETRICA, DIAMETRO DO DISCO 7 '' (180 MM), ROTACAO 8500RPM, POTENCIA 2400 W","un",7.0999999999999994E-2,null,null,1037.5,{"$f":"E63*H63","v":73.662499999999994}]
["SINAPI",44531,"DISCO DE CORTE DIAMANTADO SEGMENTADO DIAMETRO DE 180 MM PARA ESMERILHADEIRA 7 \"","un",1,null,null,82.43,{"$f":"E64*H64","v":82.43}]
["SUB-TOTAL",{"$nulls":7},{"$f":"SUM(I63:I64)","v":156.0925}]
["MÃO DE OBRA"]
["BASE","CÓDIGO","DISCRIMINAÇÃO","UNI","QUANT.",null,null,"P.UNIT.","P.TOTAL"]
["SINAPI",88317,"SOLDADOR COM ENCARGOS COMPLEMENTARES ","h",0.5,null,null,31.67,{"$f":"E68*H68","v":15.835000000000001}]
["SINAPI",88315,"SERRALHEIRO COM ENCARGOS COMPLEMENTARES ","h",0.5,null,null,30.53,{"$f":"E69*H69","v":15.265000000000001}]
["SUB-TOTAL",{"$nulls":7},{"$f":"SUM(I68:I69)","v":31.1}]
["PRODUÇÃO DA EQUIPE",null,null,1,"CUSTO ",null,null,null,{"$f":"I70+I65","v":187.1925}]
["TOTAL - R$",{"$nulls":7},{"$f":"I71/D71","v":187.1925}]
["BDI                %",{"$nulls":7},1]
["TOTAL DO SERVIÇO - R$",{"$nulls":7},{"$f":"I72*I73","v":187.1925},null,183.3]
[]
[" COMPOSIÇÃO DE PREÇO UNITÁRIO",{"$nulls":7},"CPU010","XX"]
["DESCRIÇÃO DO SERVIÇO",{"$nulls":6},"DATA BASE: ","2024-07-01"]
["FORNECIMENTO E MONTAGEM DE ESTRUTURA PARA COBERTURA COM ÁREA TOTAL DE 86,27 M² INCLUINDO CALHA E TELHA SANDUÍCHE",{"$nulls":6},"UNIDADE: ","cj"]
["MÃO DE OBRA"]
["BASE","CÓDIGO","DISCRIMINAÇÃO","UNI","QUANT.",null,null,"P.UNIT.","P.TOTAL"]
["COTAÇÃO",null,"FABRICAÇÃO E MONTAGEM DE ESTRUTURA METÁLICA PARA COBERTURA DE UNIDADE COM ÁREA TOTAL DE 86,26 M²","cj",1,null,null,24877.99,{"$f":"E81*H81","v":24877.99}]
["SUB-TOTAL",{"$nulls":7},{"$f":"SUM(I81:I81)","v":24877.99}]
["PRODUÇÃO DA EQUIPE",null,null,1,"CUSTO ",null,null,null,{"$f":"SUM(I82)","v":24877.99}]
["TOTAL - R$",{"$nulls":7},{"$f":"I83/D83","v":24877.99}]
["BDI                %",{"$nulls":7},1]
["TOTAL DO SERVIÇO - R$",{"$nulls":7},{"$f":"I84*I85","v":24877.99}]
[]
[" COMPOSIÇÃO DE PREÇO UNITÁRIO",{"$nulls":7},"CPU011","XX"]
["DESCRIÇÃO DO SERVIÇO",{"$nulls":6},"DATA BASE: ","2024-07-01"]
["FORNECIMENTO E MONTAGEM DE ESTRUTURA PARA COBERTURA COM ÁREA TOTAL DE 137,9 M² INCLUINDO CALHA E TELHA SANDUÍCHE",{"$nulls":6},"UNIDADE: ","cj"]
["MÃO DE OBRA"]
["BASE","CÓDIGO","DISCRIMINAÇÃO","UNI","QUANT.",null,null,"P.UNIT.","P.TOTAL"]
["COTAÇÃO",null,"FABRICAÇÃO E MONTAGEM DE ESTRUTURA METÁLICA PARA COBERTURA DE UNIDADE COM ÁREA TOTAL DE 137,9 M²","cj",1,null,null,39043.9,{"$f":"E93*H93","v":39043.9}]
["SUB-TOTAL",{"$nulls":7},{"$f":"SUM(I93:I93)","v":39043.9}]
["PRODUÇÃO DA EQUIPE",null,null,1,"CUSTO ",null,null,null,{"$f":"SUM(I94)","v":39043.9}]
["TOTAL - R$",{"$nulls":7},{"$f":"I95/D95","v":39043.9}]
["BDI                %",{"$nulls":7},1]
["TOTAL DO SERVIÇO - R$",{"$nulls":7},{"$f":"I96*I97","v":39043.9}]
[]
[" COMPOSIÇÃO DE PREÇO UNITÁRIO",{"$nulls":7},"CPU004","XX"]
["DESCRIÇÃO DO SERVIÇO",{"$nulls":6},"DATA BASE: ","2025-03-01"]
["MODIFICAÇÕES NO CONTAINER COM CORTE POR ESMERILHADEIRA ",{"$nulls":6},"UNIDADE: ","m"]
["MATERIAL"]
["BASE","CÓDIGO","DISCRIMINAÇÃO","UNI","QUANT.",null,null,"P.UNIT.","P.TOTAL"]
["SINAPI",11359,"ESMERILHADEIRA ANGULAR ELETRICA, DIAMETRO DO DISCO 7 '' (180 MM), ROTACAO 8500RPM, POTENCIA 2400 W","un",0.04,null,null,1037.5,{"$f":"E105*H105","v":41.5}]
["SINAPI",44531,"DISCO DE CORTE DIAMANTADO SEGMENTADO DIAMETRO DE 180 MM PARA ESMERILHADEIRA 7 \"","un",0.5,null,null,82.43,{"$f":"E106*H106","v":41.215000000000003}]
["SUB-TOTAL",{"$nulls":7},{"$f":"SUM(I105:I106)","v":82.715000000000003}]
["MÃO DE OBRA"]
["BASE","CÓDIGO","DISCRIMINAÇÃO","UNI","QUANT.",null,null,"P.UNIT.","P.TOTAL"]
["SINAPI",88317,"SOLDADOR COM ENCARGOS COMPLEMENTARES ","h",0.25,null,null,31.67,{"$f":"E110*H110","v":7.9175000000000004}]
["SINAPI",88315,"SERRALHEIRO COM ENCARGOS COMPLEMENTARES ","h",0.25,null,null,30.53,{"$f":"E111*H111","v":7.6325000000000003}]
["SUB-TOTAL",{"$nulls":7},{"$f":"SUM(I110:I111)","v":15.55}]
["PRODUÇÃO DA EQUIPE",null,null,1,"CUSTO ",null,null,null,{"$f":"I112+I107","v":98.265000000000001}]
["TOTAL - R$",{"$nulls":7},{"$f":"I113/D113","v":98.265000000000001}]
["BDI                %",{"$nulls":7},1]
["TOTAL DO SERVIÇO - R$",{"$nulls":7},{"$f":"I114*I115","v":98.265000000000001},null,96.3]
[]
[" COMPOSIÇÃO DE PREÇO UNITÁRIO",{"$nulls":7},"CPU005","XX"]
["DESCRIÇÃO DO SERVIÇO",{"$nulls":6},"DATA BASE: ","2025-03-01"]
["MODIFICAÇÕES NO CONTAINER UNIÃO ATRAVÉS DO PROCESSO DE SOLDAGEM, INCLUSO IÇAMENTO DO CONTAINER",{"$nulls":6},"UNIDADE: ","m"]
["EQUIPAMENTO"]
["BASE","CÓDIGO","DISCRIMINAÇÃO","UNI","QUANT.",null,null,"P.UNIT.","P.TOTAL"]
["SINAPI",92716,"APARELHO PARA CORTE E SOLDA OXI-ACETILENO SOBRE RODAS, INCLUSIVE CILINDROS E MAÇARICOS ","chp",0.18459999999999999,null,null,109.39,{"$f":"E123*H123","v":20.193393999999998}]
["SINAPI",92715,"APARELHO PARA CORTE E SOLDA OXI-ACETILENO SOBRE RODAS, INCLUSIVE CILINDROS E MAÇARICOS - MATERIAIS NA OPERAÇÃO. ","h",1.56,null,null,109,{"$f":"E124*H124","v":170.04}]
["SINAPI",5928,"GUINDAUTO HIDRÁULICO, CAPACIDADE MÁXIMA DE CARGA 6200 KG, MOMENTO MÁXIMO DE CARGA 11,7 TM, ALCANCE MÁXIMO HORIZONTAL 9,70 M, INCLUSIVE CAMINHÃO TOCO PBT 16.000 KG, POTÊNCIA DE 189 CV","chp",0.23880000000000001,null,null,300.83999999999997,{"$f":"E125*H125","v":71.840592000000001}]
["SUB-TOTAL",{"$nulls":7},{"$f":"SUM(I123:I125)","v":262.07398599999999}]
["SERVIÇOS - COMPOSIÇÕES AUXILIARES"]
["BASE","CÓDIGO","DISCRIMINAÇÃO","UNI","QUANT.",null,null,"P.UNIT.","P.TOTAL"]
["SINAPI",98746,"SOLDA DE TOPO EM CHAPA/PERFIL/TUBO DE AÇO CHANFRADO, ESPESSURA=1/4''. ","m",1,null,null,82.94,{"$f":"E129*H129","v":82.94}]
["SUB-TOTAL",{"$nulls":7},{"$f":"SUM(I129:I129)","v":82.94}]
["MÃO DE OBRA"]
["BASE","CÓDIGO","DISCRIMINAÇÃO","UNI","QUANT.",null,null,"P.UNIT.","P.TOTAL"]
["SINAPI",88317,"SOLDADOR COM ENCARGOS COMPLEMENTARES ","h",1.56,null,null,31.67,{"$f":"E133*H133","v":49.405200000000008}]
["SUB-TOTAL",{"$nulls":7},{"$f":"SUM(I133:I133)","v":49.405200000000008}]
["PRODUÇÃO DA EQUIPE",null,null,1,"CUSTO ",null,null,null,{"$f":"I134+I126+I130","v":394.41918600000002}]
["TOTAL - R$",{"$nulls":7},{"$f":"I135/D135","v":394.41918600000002}]
["BDI                %",{"$nulls":7},1]
["TOTAL DO SERVIÇO - R$",{"$nulls":7},{"$f":"I136*I137","v":394.41918600000002},null,275.37]
[]
[" COMPOSIÇÃO DE PREÇO UNITÁRIO",{"$nulls":7},"CPU006"]
["DESCRIÇÃO DO SERVIÇO",{"$nulls":6},"DATA BASE: ","2025-03-01","REV-005 02/07/2024"]
["REVESTIMENTO DE PAREDES EM CHAPAS DE AÇO INOXIDÁVEL AISI 304 - CONSIDERANDO CHAPA DE 1,2mm",{"$nulls":6},"UNIDADE: ","M²"]
["APENAS MATERIAL"]
["BASE","CÓDIGO","DISCRIMINAÇÃO","UNI","QUANT.",null,null,"P.UNIT.","P.TOTAL"]
["COTAÇÃO",null,"CHAPAS DE AÇO INOXIDÁVEL AISI 304","KG",9.6,null,null,34,{"$f":"E145*H145","v":326.39999999999998}]
["SINAPI",131,"ADESIVO ESTRUTURAL A BASE DE RESINA EPOXI, BICOMPONENTE, PASTOSO (TIXOTROPICO)","KG",0.6,null,null,53.56,{"$f":"E146*H146","v":32.136000000000003}]
["SUB-TOTAL",{"$nulls":7},{"$f":"SUM(I145:I146)","v":358.536}]
["TOTAL - R$",{"$nulls":7},{"$f":"I147","v":358.536}]
["BDI                %",{"$nulls":7},1]
["TOTAL DO SERVIÇO - R$",{"$nulls":7},{"$f":"I148*I149","v":358.536}]
[]
[" COMPOSIÇÃO DE PREÇO UNITÁRIO",{"$nulls":7},"CPU007"]
["DESCRIÇÃO DO SERVIÇO",{"$nulls":6},"DATA BASE: ","2025-03-01"]
["REVESTIMENTO CERÂMICO PARA PISO COM PLACAS TIPO ESMALTADA DE DIMENSÕES 45x45cm COM ARGAMASSA AC III",{"$nulls":6},"UNIDADE: ","m²"]
["MATERIAL"]
["BASE","CÓDIGO","DISCRIMINAÇÃO","UNI","QUANT.",null,null,"P.UNIT.","P.TOTAL"]
["Sinapi",37596,"ARGAMASSA COLANTE TIPO AC III E","KG",9.1325000000000003,null,null,2.86,{"$f":"E157*H157","v":26.118949999999998}]
["Sinapi",1287,"PISO EM CERAMICA ESMALTADA EXTRA, COR LISA, PEI MAIOR OU IGUAL A 4, FORMATO MENOR OU IGUAL A 5 CM2","m²",1.1135999999999999,null,null,37.57,{"$f":"E158*H158","v":41.837951999999994}]
["Sinapi",34357,"REJUNTE CIMENTÍCIO, QUALQUER COR","KG",0.188,null,null,5.46,{"$f":"E159*H159","v":1.0264800000000001}]
["SUB-TOTAL",{"$nulls":7},{"$f":"SUM(I157:I159)","v":68.983381999999992}]
["MÃO DE OBRA"]
["BASE","CÓDIGO","DISCRIMINAÇÃO","UNI","QUANT.",null,null,"P.UNIT.","P.TOTAL"]
["SINAPI",88317,"AZULEJISTA OU LADRILHISTA COM ENCARGOS COMPLEMENTARES","h",0.80640000000000001,null,null,31.67,{"$f":"E163*H163","v":25.538688}]
["SINAPI",88316,"SERVENTE COM ENCARGOS COMPLEMENTARES","h",0.20680000000000001,null,null,25.11,{"$f":"E164*H164","v":5.1927479999999999},"REV-005 02/07/2024"]
["SUB-TOTAL",{"$nulls":7},{"$f":"SUM(I163:I164)","v":30.731436000000002}]
["PRODUÇÃO DA EQUIPE",null,null,1,"CUSTO ",null,null,null,{"$f":"I165+I160","v":99.714817999999994}]
["TOTAL - R$",{"$nulls":7},{"$f":"I166/D166","v":99.714817999999994}]
["BDI                %",{"$nulls":7},1]
["TOTAL DO SERVIÇO - R$",{"$nulls":7},{"$f":"I167*I168","v":99.714817999999994}]
[]
[" COMPOSIÇÃO DE PREÇO UNITÁRIO",{"$nulls":7},"CPU008"]
["DESCRIÇÃO DO SERVIÇO",{"$nulls":6},"DATA BASE: ","2025-03-01"]
["CHAPA XADREZ EM ALUMINIO PARA PISO e:3mm, INCLUSO REBITE PARA FIXAÇÃO   - MATERIAL",{"$nulls":6},"UNIDADE: ","m"]
["MATERIAL"]
["BASE","CÓDIGO","DISCRIMINAÇÃO","UNI","QUANT.",null,null,"P.UNIT.","P.TOTAL"]
["SINAPI",1337,"CHAPA DE ACO XADREZ PARA PISOS, E = 1/4\" (6,30 MM) 54,53 KG/M2","kg",38,null,null,9.5,{"$f":"E176*H176","v":361}]
["SINAPI",10997,"ELETRODO REVESTIDO AWS - E7018, DIAMETRO IGUAL A 4,00 MM","Kg",2.88,null,null,62.48,{"$f":"E177*H177","v":179.94239999999999}]
["SUB-TOTAL",{"$nulls":7},{"$f":"SUM(I176:I177)","v":540.94240000000002}]
["BDI                %",{"$nulls":7},1]
["TOTAL DO SERVIÇO - R$",{"$nulls":7},{"$f":"I178","v":540.94240000000002},"REV-005 04/07/2024"]
[]
[" COMPOSIÇÃO DE PREÇO UNITÁRIO",{"$nulls":7},"CPU009"]
["DESCRIÇÃO DO SERVIÇO",{"$nulls":6},"DATA BASE: ","2025-03-01"]
["CHAPA XADREZ EM ALUMINIO PARA PISO e:3mm, INCLUSO REBITE PARA FIXAÇÃO   -  MÃO DE OBRA",{"$nulls":6},"UNIDADE: ","m"]
["MÃO DE OBRA"]
["BASE","CÓDIGO","DISCRIMINAÇÃO","UNI","QUANT.",null,null,"P.UNIT.","P.TOTAL"]
["SINAPI",88315,"SERRALHEIRO COM ENCARGOS","H",8.99,null,null,30.53,{"$f":"E187*H187","v":274.46469999999999}]
["SINAPI",88316,"SERVENTE COM ENCARGOS COMPLEMENTARES","H",6.42,null,null,25.11,{"$f":"E188*H188","v":161.2062}]
["SUB-TOTAL",{"$nulls":7},{"$f":"SUM(I187:I188)","v":435.67089999999996}]
["PRODUÇÃO DA EQUIPE",null,null,1,"CUSTO ",null,null,null,{"$f":"I189","v":435.67089999999996}]
["TOTAL - R$",{"$nulls":7},{"$f":"I190/D190","v":435.67089999999996}]
["TOTAL DO SERVIÇO - R$",{"$nulls":7},{"$f":"I190","v":435.67089999999996}]
[]
[" COMPOSIÇÃO DE PREÇO UNITÁRIO",{"$nulls":7},"CPU0010"]
["DESCRIÇÃO DO SERVIÇO",{"$nulls":6},"DATA BASE: ","2025-03-01"]
["REVESTIMENTO DE PAREDES EM CHAPAS DE AÇO INOXIDÁVEL AISI 304 - CONSIDERANDO CHAPA DE 1,2mm",{"$nulls":6},"UNIDADE: ","M²"]
["APENAS MÃO DE OBRA"]
["BASE","CÓDIGO","DISCRIMINAÇÃO","UNI","QUANT.",null,null,"P.UNIT.","P.TOTAL"]
["SINAPI",88317,"SOLDADOR COM ENCARGOS COMPLEMENTARES ","h",0.8,null,null,31.67,{"$f":"E199*H199","v":25.336000000000002}]
["SINAPI",88315,"SERRALHEIRO COM ENCARGOS COMPLEMENTARES ","h",0.8,null,null,30.53,{"$f":"E200*H200","v":24.424000000000003}]
["SUB-TOTAL",{"$nulls":7},{"$f":"SUM(I199:I200)","v":49.760000000000005}]
["PRODUÇÃO DA EQUIPE",null,null,1,"CUSTO ",null,null,null,{"$f":"I201","v":49.760000000000005}]
["TOTAL - R$",{"$nulls":7},{"$f":"I202/D202","v":49.760000000000005}]
["BDI                %",{"$nulls":7},1]
["TOTAL DO SERVIÇO - R$",{"$nulls":7},{"$f":"I203*I204","v":49.760000000000005}]
[]
[" COMPOSIÇÃO DE PREÇO UNITÁRIO",{"$nulls":7},"CPU011"]
["DESCRIÇÃO DO SERVIÇO",{"$nulls":6},"DATA BASE: ","2025-03-01"]
["GUARDA-CORPO DE AÇO CARBONO, MONTANTES TUBULARES DE 1.1/2\" ESPAÇADOS EM 0,75M, ALTURA APROXIMADA DE 0,90M, PREPARADO COM FUNDO E TINTA EPÓXI NA COR AMARELA",{"$nulls":6},"UNIDADE: ","m"]
["MATERIAL"]
["BASE","CÓDIGO","DISCRIMINAÇÃO","UNI","QUANT.",null,null,"P.UNIT.","P.TOTAL"]
["SINAPI",1332,"CHAPA DE ACO GROSSA, ASTM A36, E = 3/8 \" (9,53 MM) 74,69 KG/M2","KG","0,8960000",null,null,8.4499999999999993,{"$f":"E212*H212","v":7.5711999999999993}]
["SINAPI",11002,"ELETRODO REVESTIDO AWS - E6013, DIAMETRO IGUAL A 2,50 MM","KG","0,0650000",null,null,31.89,2.0728500000000003]
["SINAPI",11964,"PARAFUSO DE ACO TIPO CHUMBADOR PARABOLT, DIAMETRO 3/8\", COMPRIMENTO 75 MM","UN","3,3330000",null,null,2.87,9.565710000000001]
["SINAPI",21001,"TUBO ACO CARBONO COM COSTURA, NBR 5580, CLASSE L, DN = 25 MM, E = 2,65 MM, 2,02 KG/M","M",1.0417000000000001,null,null,17.39,18.115163000000003]
["SINAPI",21003,"TUBO ACO CARBONO COM COSTURA, NBR 5580, CLASSE L, DN = 40 MM, E = 3,0 MM, 3,34 KG/M","M",3.0250000000000004,null,null,28.57,86.424250000000015]
["SINAPI",100719,"PINTURA COM TINTA ALQUÍDICA DE FUNDO (TIPO ZARCÃO) PULVERIZADA SOBRE PERFIL METÁLICO EXECUTADO EM FÁBRICA (POR DEMÃO). AF_01/2020_PE","M2",1.1000000000000001,null,null,11.88,13.068000000000001]
["SINAPI",100729,"PINTURA COM TINTA EPOXÍDICA DE ACABAMENTO PULVERIZADA SOBRE PERFIL METÁLICO EXECUTADO EM FÁBRICA (POR DEMÃO). AF_01/2020_PE","M2",1.1000000000000001,null,null,21.96,24.156000000000002]
["SUB-TOTAL",{"$nulls":7},{"$f":"SUM(I212:I218)","v":160.97317300000003}]
["MÃO DE OBRA"]
["BASE","CÓDIGO","DISCRIMINAÇÃO","UNI","QUANT.",null,null,"P.UNIT.","P.TOTAL"]
["SINAPI",88251,"AUXILIAR DE SERRALHEIRO COM ENCARGOS COMPLEMENTARES","H",8,null,null,25.62,157.19999999999999]
["SINAPI",88315,"SERRALHEIRO COM ENCARGOS COMPLEMENTARES","H",5.333333333333333,null,null,30.53,129.33333333333331]
["SUB-TOTAL",{"$nulls":7},{"$f":"SUM(I222:I223)","v":286.5333333333333}]
["PRODUÇÃO DA EQUIPE",null,null,1,"CUSTO ",null,null,null,{"$f":"I224+I219","v":447.50650633333333}]
["TOTAL - R$",{"$nulls":7},{"$f":"I225/D225","v":447.50650633333333}]
["BDI                %",{"$nulls":7},1]
["TOTAL DO SERVIÇO - R$",{"$nulls":7},{"$f":"I226*I227","v":447.50650633333333}]
[]
[" COMPOSIÇÃO DE PREÇO UNITÁRIO",{"$nulls":7},"CPU012"]
["DESCRIÇÃO DO SERVIÇO",{"$nulls":6},"DATA BASE: ","2025-03-01"]
["FORNECIMENTO DE CONTAINER DRY BOX 20 PÉS 6,1X2,21X2,6 (COMPXLARGXALTU)",{"$nulls":6},"UNIDADE: ","un"]
["MATERIAL"]
["BASE","CÓDIGO","DISCRIMINAÇÃO","UNI","QUANT.",null,null,"P.UNIT.","P.TOTAL"]
["COTAÇÃO","-","CONTAINER DRY BOX 20 PÉS 6,1X2,21X2,6 (COMPXLARGXALTU)","un",1,null,null,21728.75,{"$f":"E235*H235","v":21728.75}]
[{"$nulls":8},{"$f":"E236*H236","v":0}]
["SUB-TOTAL",{"$nulls":7},{"$f":"SUM(I235:I236)","v":21728.75}]
["MÃO DE OBRA"]
["BASE","CÓDIGO","DISCRIMINAÇÃO","UNI","QUANT.",null,null,"P.UNIT.","P.TOTAL"]
["-","-","-","-","-",null,null,"-","-"]
["SUB-TOTAL",{"$nulls":7},{"$f":"SUM(I240:I240)","v":0}]
["PRODUÇÃO DA EQUIPE",null,null,1,"CUSTO ",null,null,null,{"$f":"I241+I237","v":21728.75}]
["TOTAL - R$",{"$nulls":7},{"$f":"I242/D242","v":21728.75}]
["BDI                %",{"$nulls":7},1]
["TOTAL DO SERVIÇO - R$",{"$nulls":7},{"$f":"I243*I244","v":21728.75}]
[]
[" COMPOSIÇÃO DE PREÇO UNITÁRIO",{"$nulls":7},"CPU012"]
["DESCRIÇÃO DO SERVIÇO",{"$nulls":6},"DATA BASE: ","2025-03-01"]
["FORNECIMENTO DE CONTAINER DRY BOX 40 PÉS 12,2X2,3X2,9 (COMPXLARGXALTU)",{"$nulls":6},"UNIDADE: ","un"]
["MATERIAL"]
["BASE","CÓDIGO","DISCRIMINAÇÃO","UNI","QUANT.",null,null,"P.UNIT.","P.TOTAL"]
["COTAÇÃO","-","CONTAINER DRY BOX 20 PÉS 6,1X2,21X2,6 (COMPXLARGXALTU)","un",1,null,null,22002.5,{"$f":"E252*H252","v":22002.5}]
[{"$nulls":8},{"$f":"E253*H253","v":0}]
["SUB-TOTAL",{"$nulls":7},{"$f":"SUM(I252:I253)","v":22002.5}]
["MÃO DE OBRA"]
["BASE","CÓDIGO","DISCRIMINAÇÃO","UNI","QUANT.",null,null,"P.UNIT.","P.TOTAL"]
["-","-","-","-","-",null,null,"-","-"]
["SUB-TOTAL",{"$nulls":7},{"$f":"SUM(I257:I257)","v":0}]
["PRODUÇÃO DA EQUIPE",null,null,1,"CUSTO ",null,null,null,{"$f":"I258+I254","v":22002.5}]
["TOTAL - R$",{"$nulls":7},{"$f":"I259/D259","v":22002.5}]
["BDI                %",{"$nulls":7},1]
["TOTAL DO SERVIÇO - R$",{"$nulls":7},{"$f":"I260*I261","v":22002.5}]
[]
[" COMPOSIÇÃO DE PREÇO UNITÁRIO",{"$nulls":7},"CPU013"]
["DESCRIÇÃO DO SERVIÇO",{"$nulls":6},"DATA BASE: ","2025-03-01"]
["FORNECIMENTO E INSTALAÇÃO DE SUPORTE PARA CAIXA D'ÁGUA EM METALON",{"$nulls":6},"UNIDADE: ","un"]
["MATERIAL"]
["BASE","CÓDIGO","DISCRIMINAÇÃO","UNI","QUANT.",null,null,"P.UNIT.","P.TOTAL"]
["ORSE","08851/ORSE","Tubo industrial, em aço, quadrado, dim 50 x 50 mm, e=2,00mm, 4,476 kg/m","m",{"$f":"5.4*1.1","v":5.9400000000000013},null,null,73.400000000000006,{"$f":"E269*H269","v":435.99600000000015}]
["ORSE","03664/ORSE","Chapa aço fina preta lisa nº14, e=2,00mm (16,0 kg/m2)","m2",{"$f":"2.427*1.075*1.1","v":2.8699275000000002},null,null,142.56,{"$f":"E270*H270","v":409.13686440000004}]
["SINAPI",100719,"PINTURA COM TINTA ALQUÍDICA DE FUNDO (TIPO ZARCÃO) PULVERIZADA SOBRE PERFIL METÁLICO EXECUTADO EM FÁBRICA (POR DEMÃO). AF_01/2020_PE","m2",{"$f":"SUM(E272,E269)*2","v":22.558800000000005},null,null,11.88,{"$f":"E271*H271","v":267.99854400000009}]
["ORSE","13120/ORSE","Perfil Aço, UDC Enrijecido 75 x 40 x 3,43(kg/m) - SAE 1008/1012","kg",{"$f":"2.427*2*1.1","v":5.3394000000000004},null,null,15.4,{"$f":"E272*H272","v":82.226760000000013}]
["SUB-TOTAL",{"$nulls":7},{"$f":"SUM(I269:I272)","v":1195.3581684000003}]
["MÃO DE OBRA"]
["BASE","CÓDIGO","DISCRIMINAÇÃO","UNI","QUANT.",null,null,"P.UNIT.","P.TOTAL"]
["SINAPI",88251,"AUXILIAR DE SERRALHEIRO COM ENCARGOS COMPLEMENTARES","H",{"$f":"20*2","v":40},null,null,22.24,{"$f":"H276*E276","v":889.59999999999991}]
["SINAPI","88315","SERRALHEIRO COM ENCARGOS COMPLEMENTARES","H",{"$f":"20*2","v":40},null,null,27.05,{"$f":"H277*E277","v":1082}]
["SUB-TOTAL",{"$nulls":7},{"$f":"SUM(I276:I277)","v":1971.6}]
["PRODUÇÃO DA EQUIPE",null,null,1,"CUSTO ",null,null,null,{"$f":"I278+I273","v":3166.9581684000004}]
["TOTAL - R$",{"$nulls":7},{"$f":"I279/D279","v":3166.9581684000004}]
["BDI                %",{"$nulls":7},1]
["TOTAL DO SERVIÇO - R$",{"$nulls":7},{"$f":"I280*I281","v":3166.9581684000004}]